{"text_format":"3","workbook":"xlsx","n_sheets":2,"sheets":["Datenmaterial Stand 31.12.2018","Summen Datenstand 31.12.2018"],"not_rendered":{"images":3,"defined_names":3},"read":"whole","date_system":"1900"}

{"sheet":"Datenmaterial Stand 31.12.2018","index":0,"n_rows":548,"n_cols":30,"rows_kept":548,"merged":[[0,2,0,3],[0,4,0,25]]}
[null,null,"Harnblasentumor - \nausgewählte Fallzahlen des Jahres 2017",null,"Datenmaterial aus der Datenbank der strukturierten Qualitätsberichte des Gemeinsamen Bundes-Ausschuss' (G-BA). Datenstand: siehe Bezeichnung der Registerkarte.\nDer ShB-Blasenkrebs übernimmt keine Gewähr für die Richtigkeit der vom jeweiligen Krankenhaus selbst in die QB-Datenbank eingestellten Daten.\nDie Verhältnisse vor Ort können sich seit Erhebung der Daten geändert haben. Bitte beachten Sie auch die Erläuterungen am Ende der Tabelle."]
["Institutionskennzeichen\n26 = Krankenhaus\nxx = Bundesland\nlfd. Nr. u. Prüfziffer\n","0x = Standortnummer","Krankenhaus (KH)","Strasse","PLZ","Ort","Bundesland (Kz) Sortierkriterium","Bettenzahl des gesamten KH","B-Nr. \nFachabteilung Urologie","H = Hauptabteilung  \nB = Belegabt; G = gemischt","Anzahl Ärzte in Urologie","Anzahl Belegärzte dto.","Vollstationäre Fälle\nFachabt. Urologie","C67\nBösartige Neubildung der Harnblase (Blasenkrebs)","D09.0\nCarcinoma in Situ (CIS) Harnblase","D41.4\nNeubildung unsicheren oder unbekannten Verhaltens der Harnblase","5-573.40\nTransurethrale Resektion (TUR-B) nicht floureszenzgestützt","5-573.41\nTransurethrale Resektion (TUR-B) fluoreszenzgestützt","5-575\nPartielle Harnblasenresektion","5-687.0\nExenteration des vord. weibl. kleinen Beckens","5-576\n(Radikale) Zystektomie \n(Entfernung der Harnblase)","5-577\nErsatz der Harnblase (Neoblase)","5-564\nKutane Harnableitung (Hautfistel)","5-565\nConduit\n(nicht kontinentes Stoma)","5-566\nkontinentes Stoma \n(Pouch)","5-567\nInterne Harnableitung über Darm","5-604\nRadikale  Prostatovesikulektomie","8-541.4\nInstillation ... ","8-603\nInterstitielle  Hyperthermie …","5-987\nAnwendung eines  OP-Roboters"]
[]
[{"$nulls":5},"in Bad Württemberg","BW"]
[{"v":260812558,"d":"26 08 1255 8"},"00","Caritas-Krankenhaus Bad Mergentheim","Uhlandstraße 7","97980","Bad Mergentheim","BW",434,{"v":3,"d":"B-3"},"H",{"v":10.02,"d":"10"},0,{"v":1761,"d":"1,761"},155,8,0,146,64,7,0,12,4,2,6,0,0,48,0,0," "]
[{"v":260820013,"d":"26 08 2001 3"},"01","Klinikum Mittelbaden Baden-Baden Balg","Balger Straße 50","76532","Baden-Baden","BW",380,{"v":8,"d":"B-8"},"H",{"v":2.52,"d":"3"},0,{"v":1555,"d":"1,555"},97,8,0,176,4,2,0,17,5,10,4,0,0,33,42,0," "]
[{"v":260840426,"d":"26 08 4042 6"},"01","Sana Klinikum Biberach","Ziegelhausstraße 50","88400","Biberach","BW",343,{"v":4,"d":"B-4"},"H",{"v":7.86,"d":"8"},0,{"v":1680,"d":"1,680"},120,2,2,108,52,8,2,10,2,2,10,0,0,25,17,0," "]
[{"v":260820284,"d":"26 08 2028 4"},"01","Fürst-Stirum-Klinik Bruchsal","Gutleutstraße 1-14","76646","Bruchsal","BW",364,{"v":5,"d":"B-5"},"H",{"v":7.71,"d":"8"},0,{"v":1533,"d":"1,533"},126,5,2,161,0,5,0,14,2,0,13,0,0,19,31,0," "]
[{"v":260820650,"d":"26 08 2065 0"},"00","Neckar-Odenwald-Kliniken gGmbH","Dr. Konrad-Adenauer-Straße 37","74722","Buchen","BW",195,{"v":5,"d":"B-5"},"B",0,2,364,43,2,2,64,0,0,0,0,0,0,0,0,0,0,21,0," "]
[{"v":260820730,"d":"26 08 2073 0"},"00","GRN Gesundheitszentren Rhein-Neckar gGmbH Kreiskrankenhaus Eberbach","Scheuerbergstraße 3","69412","Eberbach","BW",132,{"v":4,"d":"B-4"},"H",{"v":6.54,"d":"7"},0,{"v":1343,"d":"1,343"},154,4,2,177,27,4,2,5,2,2,9,0,0,5,41,0," "]
[{"v":260840288,"d":"26 08 4028 8"},"01","Alb-Donau Klinikum Standort Ehingen","Spitalstrasse 29","89584","Ehingen","BW",375,{"v":5,"d":"B-5"},"B",0,3,682,91,0,27,102,18,2,0,6,2,4,0,0,0,20,2,0," "]
[{"v":260811546,"d":"26 08 1154 6"},"00","St. Anna-Virngrund-Klinik","Dalkinger Straße 8-12","73479","Ellwangen","BW",230,{"v":1,"d":"B-1"},"H",{"v":6.01,"d":"6"},0,{"v":1767,"d":"1,767"},210,0,2,157,45,0,2,6,2,0,7,2,0,38,68,0," "]
[{"v":260830629,"d":"26 08 3062 9"},"00","Kreiskrankenhaus Emmendingen","Gartenstraße 44","79312","Emmendingen","BW",263,{"v":6,"d":"B-6"},"B",0,3,433,52,0,8,71,2,0,0,0,0,0,0,0,0,6,2,0," "]
[{"v":260830037,"d":"26 08 3003 7"},"00","Loretto-Krankenhaus (RkK) Freiburg","Mercystraße 6 - 14","79100","Freiburg","BW",206,{"v":4,"d":"B-4"},"H",{"v":8.65,"d":"9"},0,{"v":2066,"d":"2,066"},258,2,13,318,44,2,2,20,7,2,10,0,0,89,154,0," "]
[{"v":260832299,"d":"26 08 3229 9"},"00","Universitätsklinikum Freiburg","Hugstetter Straße 55","79106","Freiburg","BW",{"v":1610,"d":"1,610"},{"v":10,"d":"B-10"},"H",{"v":23.65,"d":"24"},0,{"v":3196,"d":"3,196"},276,9,6,343,23,8,7,34,15,18,21,4,0,170,67,0,"X"]
[{"v":260840493,"d":"26 08 4049 3"},"00","Klinikum Friedrichshafen GmbH","Röntgenstr. 2","88048","Friedrichshafen","BW",370,{"v":4,"d":"B-4"},"H",{"v":2.91,"d":"3"},0,{"v":1372,"d":"1,372"},124,4,4,45,123,6,0,19,7,8,6,0,0,94,24,0,"X"]
[{"v":260810589,"d":"26 08 1058 9"},"01","Klinik am Eichert","Eichertstraße 3","73035","Göppingen","BW",839,{"v":11,"d":"B-11"},"H",{"v":2.89,"d":"3"},0,{"v":1452,"d":"1,452"},178,0,11,214,7,0,0,0,0,0,0,0,0,29,27,0," "]
[{"v":260820466,"d":"26 08 2046 6"},"00","Universitätsklinikum Heidelberg","Im Neuenheimer Feld 672","69120","Heidelberg","BW",{"v":1988,"d":"1,988"},{"v":5,"d":"B-5"},"H",{"v":23.9,"d":"24"},0,{"v":1953,"d":"1,953"},266,8,6,144,124,14,8,39,17,14,24,8,0,295,75,0,"X"]
[{"v":260820503,"d":"26 08 2050 3"},"00","Krankenhaus Salem derEvang. Stadtmission Heidelberg gGmbH","Zeppelinstraße 11-33","69121","Heidelberg","BW",238,{"v":3,"d":"B-3"},"H",{"v":6.69,"d":"7"},0,{"v":1012,"d":"1,012"},169,2,2,31,231,7,2,16,2,6,8,10,0,60,2,0," "]
[{"v":260811498,"d":"26 08 1149 8"},"00","Kliniken Landkreis Heidenheim gGmbH","Schloßhaustraße 100","89522","Heidenheim","BW",568,{"v":11,"d":"B-11"},"H",{"v":5.72,"d":"6"},0,{"v":1206,"d":"1,206"},133,0,8,79,97,2,0,13,2,2,6,0,0,12,44,0," "]
[{"v":260810807,"d":"26 08 1080 7"},"00","Urologische Klinik am Lerchenberg","Lerchenstr. 81","74074","Heilbronn","BW",17,{"v":1,"d":"B-1"},"B",0,8,804,242,2,2,126,162,2,0,0,0,0,0,0,0,19,80,0," "]
[{"v":260810794,"d":"26 08 1079 4"},"00","Klinikum am Gesundbrunnen","Am Gesundbrunnen 20-26","74078","Heilbronn","BW",969,{"v":14,"d":"B-14"},"H",{"v":12.2,"d":"12"},0,{"v":3190,"d":"3,190"},282,18,2,226,100,2,0,14,8,4,4,0,0,180,59,0,"X"]
[{"v":260820115,"d":"26 08 2011 5"},"00","Städtisches Klinikum Karlsruhe","Moltkestraße 90","76133","Karlsruhe","BW",{"v":1538,"d":"1,538"},{"v":21,"d":"B-21"},"H",{"v":19.15,"d":"19"},0,{"v":3871,"d":"3,871"},604,8,12,203,290,14,8,46,15,4,36,8,0,67,109,0,"X"]
[{"v":260831481,"d":"26 08 3148 1"},"00","Klinikum Konstanz","Mainaustraße 35","78464","Konstanz","BW",350,{"v":15,"d":"B-15"},"H",{"v":1.13,"d":"1"},0,135,4,0,0,0,0,0,0,0,0,0,0,0,0,0,0,0," "]
[{"v":260811114,"d":"26 08 1111 4"},"06","Hohenloher Krankenhaus Künzelsau","Stettenstrasse 32","74653","Künzelsau","BW",126,{"v":6,"d":"B-6"},"B",0,3,241,43,2,0,50,0,0,0,0,0,0,0,0,0,0,0,0," "]
[{"v":260831620,"d":"26 08 3162 0"},"01","St. Elisabethen-Krankenhaus Lörrach gGmbH","Feldbergstraße 15","79539","Lörrach","BW",227,{"v":5,"d":"B-5"},"B",0,4,{"v":1231,"d":"1,231"},120,2,5,149,0,0,0,0,0,0,0,0,0,2,16,0," "]
[{"v":260810647,"d":"26 08 1064 7"},"00","Klinikum Ludwigsburg","Posilipostraße 4","71640","Ludwigsburg","BW",{"v":1071,"d":"1,071"},{"v":9,"d":"B-9"},"H",{"v":14.94,"d":"15"},0,{"v":3484,"d":"3,484"},468,2,4,315,179,6,0,39,6,10,29,0,0,48,68,0,"X"]
[{"v":260820570,"d":"26 08 2057 0"},"00","Diakonissenkrankenhaus Mannheim","Speyerer Straße 91-93","68163","Mannheim","BW",407,{"v":9,"d":"B-9"},"H",{"v":16.08,"d":"16"},0,{"v":2533,"d":"2,533"},222,2,2,366,26,12,2,18,6,2,9,0,0,16,114,0," "]
[{"v":260820592,"d":"26 08 2059 2"},"01","Theresienkrankenhaus Mannheim","Bassermannstraße 1","68165","Mannheim","BW",525,{"v":10,"d":"B-10"},"H",{"v":8.27,"d":"8"},0,{"v":1776,"d":"1,776"},224,7,12,251,0,7,5,16,7,2,14,0,4,41,87,0," "]
[{"v":260820569,"d":"26 08 2056 9"},"00","Universitätsklinikum Mannheim GmbH","Theodor-Kutzer-Ufer 1-3","68167","Mannheim","BW",{"v":1352,"d":"1,352"},{"v":16,"d":"B-16"},"H, H",{"v":44.34,"d":"44"},0,{"v":5779,"d":"5,779"},268,0,134,223,145,12,2,84,28,6,54,34,4,348,42,0,"X"]
[{"v":260821241,"d":"26 08 2124 1"},"00","Krankenhaus Mühlacker","Hermann-Hesse-Straße 34","75417","Mühlacker","BW",170,{"v":6,"d":"B-6"},"B",0,3,192,47,2,5,12,44,0,0,0,0,0,0,0,0,4,13,0," "]
[{"v":260832847,"d":"26 08 3284 7"},"00","HELIOS Klinik Müllheim","Heliosweg 1","79379","Müllheim","BW",150,{"v":3,"d":"B-3"},"B",0,2,354,77,0,5,80,0,0,0,0,0,0,0,0,0,10,0,0," "]
[{"v":260811579,"d":"26 08 1157 9"},"00","Stauferklinikum Schwäbisch-Gmünd","Wetzgauer Str. 85","73557","Mutlangen","BW",401,{"v":13,"d":"B-13"},"B",0,2,46,30,0,0,28,0,0,0,0,0,0,0,0,0,0,7,0," "]
[{"v":260821025,"d":"26 08 2102 5"},"01","Kliniken Nagold","Röntgenstraße 20","72202","Nagold","BW",227,{"v":4,"d":"B-4"},"H",{"v":9.72,"d":"10"},0,{"v":2000,"d":"2,000"},201,2,5,236,0,0,2,14,5,4,7,0,0,77,22,0," "]
[{"v":260833531,"d":"26 08 3353 1"},"01","Ortenau Klinikum Offenburg-Gengenbach Standort Ebertplatz","Ebertplatz 12","77654","Offenburg","BW",461,{"v":15,"d":"B-15"},"H",{"v":16.18,"d":"16"},0,{"v":2998,"d":"2,998"},122,176,2,165,241,15,2,26,11,13,11,2,0,134,45,0,"X"]
[{"v":260810523,"d":"26 08 1052 3"},"00","medius KLINIK OSTFILDERN-RUIT","Hedelfinger Str. 166","73760","Ostfildern","BW",280,{"v":7,"d":"B-7"},"H",{"v":11.55,"d":"12"},0,{"v":2518,"d":"2,518"},342,0,8,188,177,0,6,18,4,0,21,0,0,122,64,0," "]
[{"v":260820854,"d":"26 08 2085 4"},"00","HELIOS Klinikum Pforzheim GmbH","Kanzlerstraße 2-6","75175","Pforzheim","BW",500,{"v":7,"d":"B-7"},"H",{"v":4.7,"d":"5"},0,988,150,0,2,56,116,2,0,6,2,0,2,0,2,18,69,0," "]
[{"v":260820865,"d":"26 08 2086 5"},"00","Siloah St. Trudpert Klinikum","Wilferdinger Straße 67","75179","Pforzheim","BW",499,{"v":11,"d":"B-11"},"H",{"v":13.7,"d":"14"},0,{"v":3502,"d":"3,502"},313,0,11,279,6,13,5,28,4,0,20,0,0,200,84,0,"X"]
[{"v":260840916,"d":"26 08 4091 6"},"00","St. Elisabethen-Klinikum","Elisabethenstraße 15","88212","Ravensburg","BW",542,{"v":4,"d":"B-4"},"H",{"v":6.25,"d":"6"},0,{"v":1082,"d":"1,082"},126,0,27,66,73,2,0,17,4,4,9,0,0,48,30,0," "]
[{"v":260840028,"d":"26 08 4002 8"},"01","Klinikum am Steinenberg","Steinenbergstraße 31","72764","Reutlingen","BW",589,{"v":9,"d":"B-9"},"H",{"v":8.39,"d":"8"},0,{"v":2002,"d":"2,002"},330,0,40,264,2,2,4,25,8,2,15,2,0,75,2,0,"X"]
[{"v":260811192,"d":"26 08 1119 2"},"00","Diakonie-Klinikum Schwäbisch Hall gGmbH","Diakoniestraße 10","74523","Schwäbisch Hall","BW",492,{"v":11,"d":"B-11"},"H",7,0,{"v":1524,"d":"1,524"},121,45,4,36,130,4,2,16,8,0,14,0,0,43,40,0," "]
[{"v":260841041,"d":"26 08 4104 1"},"01","SRH Krankenhaus Sigmaringen","Hohenzollernstrasse 40","72488","Sigmaringen","BW",380,{"v":5,"d":"B-5"},"H",9,0,{"v":1895,"d":"1,895"},221,15,4,89,218,0,5,21,5,2,17,0,0,51,6,0," "]
[{"v":260812525,"d":"26 08 1252 5"},"03","Kliniken Sindelfingen","Arthur-Gruber-Straße 70","71065","Sindelfingen","BW",383,{"v":10,"d":"B-10"},"H",{"v":14.14,"d":"14"},0,{"v":2754,"d":"2,754"},317,0,6,89,250,2,8,21,13,2,17,2,0,184,61,0,"X"]
[{"v":260831551,"d":"26 08 3155 1"},"01","Hegau-Bodensee-Klinikum Singen","Virchowstr. 10","78224","Singen","BW",465,{"v":11,"d":"B-11"},"H",{"v":12.59,"d":"13"},0,{"v":2510,"d":"2,510"},320,2,7,165,183,13,0,40,13,4,25,0,0,172,60,0,"X"]
[{"v":260812364,"d":"26 08 1236 4"},"01","Klinikum Stuttgart - Katharinenhospital (KH) und Olgahospital / Frauenklinik (OH)","Kriegsbergstraße 60,62","70174","Stuttgart","BW",{"v":1365,"d":"1,365"},{"v":16,"d":"B-16"},"H",{"v":14.4,"d":"14"},0,{"v":2753,"d":"2,753"},278,0,23,304,36,8,2,30,11,4,16,0,0,77,61,0,"X"]
[{"v":260810146,"d":"26 08 1014 6"},"00","Diakonie-Klinikum Stuttgart","Rosenbergstraße 38","70176","Stuttgart","BW",400,{"v":8,"d":"B-8"},"H",{"v":14.89,"d":"15"},0,{"v":2693,"d":"2,693"},315,9,6,119,262,6,2,51,14,9,38,0,0,231,112,0,"X"]
[{"v":260812514,"d":"26 08 1251 4"},"00","Karl-Olga-Krankenhaus GmbH","Hackstraße 61","70190","Stuttgart","BW",355,{"v":9,"d":"B-9"},"B",0,12,{"v":1022,"d":"1,022"},159,2,8,229,0,2,0,0,0,0,0,0,0,56,15,0," "]
[{"v":260840108,"d":"26 08 4010 8"},"00","Universitätsklinikum Tübingen","Geissweg 3","72076","Tübingen","BW",{"v":1577,"d":"1,577"},{"v":28,"d":"B-28"},"H",{"v":17.31,"d":"17"},0,{"v":2662,"d":"2,662"},341,19,2,235,245,15,2,50,14,7,37,0,0,220,51,0,"X"]
[{"v":260840621,"d":"26 08 4062 1"},"00","Helios Spital Überlingen GmbH","Härlenweg 1","88662","Überlingen","BW",170,{"v":5,"d":"B-5"},"H",3,0,604,29,0,2,36,5,4,2,2,0,0,10,0,0,6,5,0," "]
[{"v":260840200,"d":"26 08 4020 0"},"00","Universitätsklinikum Ulm","Albert-Einstein-Allee 29","89081","Ulm","BW",{"v":1150,"d":"1,150"},{"v":13,"d":"B-13"},"H",{"v":17.69,"d":"18"},0,{"v":2992,"d":"2,992"},350,10,54,299,27,6,9,45,13,16,24,4,0,136,35,0,"X"]
[{"v":260841928,"d":"26 08 4192 8"},"00","Bundeswehrkrankenhaus Ulm","Oberer Eselsberg 40","89081","Ulm","BW",496,{"v":8,"d":"B-8"},"H",13,0,{"v":1299,"d":"1,299"},170,0,0,116,11,0,0,8,2,8,2,0,0,23,22,0,"X"]
[{"v":260831312,"d":"26 08 3131 2"},"01","Schwarzwald-Baar Klinikum Villingen-Schwenningen GmbH","Klinikstraße 11","78052","Villingen-Schwenningen","BW",782,{"v":13,"d":"B-13"},"H",{"v":14.39,"d":"14"},0,{"v":3276,"d":"3,276"},353,23,14,396,30,8,4,35,12,10,23,20,2,68,71,0,"X"]
[{"v":260831960,"d":"26 08 3196 0"},"00","Spital Waldshut","Kaiserstraße 93-101","79761","Waldshut-Tiengen","BW",251,{"v":9,"d":"B-9"},"B",0,7,850,114,2,5,74,40,0,0,0,0,0,0,0,0,16,18,0," "]
[{"v":260810738,"d":"26 08 1073 8"},"00","Rems-Murr-Klinikum Winnenden","Am Jakobsweg 1","71364","Winnenden","BW",570,{"v":9,"d":"B-9"},"H",{"v":9.72,"d":"10"},0,{"v":2724,"d":"2,724"},255,0,2,301,54,0,0,18,10,0,10,0,0,30,42,0," "]
[{"$nulls":5},"∑ von 50 Kliniken in Baden-Württemberg","BW",{"v":27772,"d":"27,772"},{"$nulls":4},{"v":91659,"d":"91,659"},{"v":10010,"d":"10,010"},404,510,{"v":8107,"d":"8,107"},{"v":3913,"d":"3,913"},224,97,899,292,183,588,96,12,{"v":3665,"d":"3,665"},{"v":2127,"d":"2,127"},0,{"v":2867,"d":"2,867"}]
[]
[{"$nulls":5},"in Bayern","BY"]
[{"v":260910693,"d":"26 09 1069 3"},"01","Kreiskliniken Altötting-Burghausen Standort Altötting","Vinzenz-von-Paul-Str. 10","84503","Altötting","BY",407,{"v":14,"d":"B-14"},"H",{"v":9.67,"d":"10"},0,{"v":1570,"d":"1,570"},140,0,19,155,0,2,2,11,2,2,4,2,0,22,31,0," "]
[{"v":260930016,"d":"26 09 3001 6"},"00","Klinikum St. Marien Amberg","Mariahilfbergweg 7","92224","Amberg","BY",588,{"v":15,"d":"B-15"},"H",{"v":7.15,"d":"7"},0,{"v":1451,"d":"1,451"},157,2,2,48,106,4,2,17,4,0,14,0,0,38,101,0," "]
[{"v":260950011,"d":"26 09 5001 1"},"01","ANregiomed Klinikum Ansbach","Escherichstraße 1","91522","Ansbach","BY",425,{"v":8,"d":"B-8"},"H",{"v":7.15,"d":"7"},0,{"v":1387,"d":"1,387"},118,2,2,88,90,0,0,13,5,2,6,0,0,23,15,0," "]
[{"v":260900134,"d":"26 09 0013 4"},"01","Klinikum Aschaffenburg-Alzenau, Standort Aschaffenburg","Am Hasenkopf 1","63739","Aschaffenburg","BY",739,{"v":10,"d":"B-10"},"H",{"v":10.97,"d":"11"},0,{"v":1212,"d":"1,212"},275,0,14,223,91,4,6,17,9,0,13,2,2,59,69,0," "]
[{"v":260970048,"d":"26 09 7004 8"},"00","die stadtklinik im diako","Frölichstraße 17","86150","Augsburg","BY",135,{"v":3,"d":"B-3"},"B",0,11,{"v":2187,"d":"2,187"},267,0,0,311,19,8,0,0,0,0,0,0,0,31,130,0," "]
[{"v":260970015,"d":"26 09 7001 5"},"01","Klinikum Augsburg mit Kliniken für Kinder und Jugendliche","Stenglinstr. 2","86156","Augsburg","BY",{"v":1531,"d":"1,531"},{"v":21,"d":"B-21"},"H",{"v":14.17,"d":"14"},0,{"v":3478,"d":"3,478"},232,8,8,191,47,7,2,37,7,11,17,0,0,105,71,0," "]
[{"v":260960240,"d":"26 09 6024 0"},"01","Helios St. Elisabeth-Krankenhaus Bad Kissingen","Kissinger Straße 150","97688","Bad Kissingen","BY",225,{"v":8,"d":"B-8"},"B",0,1,112,2,0,28,38,2,0,0,0,0,0,0,0,0,0,2,0," "]
[{"v":260910739,"d":"26 09 1073 9"},"00","Asklepios Stadtklinik Bad Tölz","Schützenstraße 15","83646","Bad Tölz","BY",270,{"v":3,"d":"B-3"},"H",{"v":7.39,"d":"7"},0,{"v":1539,"d":"1,539"},116,0,2,74,93,4,2,18,2,2,8,2,0,26,16,0,"X"]
[{"v":260940029,"d":"26 09 4002 9"},"01","Klinikum Bamberg - Betriebsstätte am Bruderwald","Buger Straße 80","96049","Bamberg","BY",768,{"v":22,"d":"B-22"},"H, B",{"v":8.95,"d":"9"},2,{"v":1695,"d":"1,695"},201,0,8,197,40,4,2,18,9,4,9,8,0,22,22,0,"X"]
[{"v":260940109,"d":"26 09 4010 9"},"02","Klinik Hohe Warte","Hohe Warte 8","95445","Bayreuth","BY",336,{"v":4,"d":"B-4"},"H",{"v":9.14,"d":"9"},0,{"v":1447,"d":"1,447"},107,0,6,84,72,4,0,11,4,4,4,0,0,15,37,0," "]
[{"v":260930799,"d":"26 09 3079 9"},"01","Sana Kliniken des Landkreises Cham - Krankenhaus Cham","August-Holz-Str. 1","93413","Cham","BY",200,{"v":3,"d":"B-3"},"B",0,4,{"v":1609,"d":"1,609"},94,2,2,112,2,0,0,0,0,0,0,0,0,12,0,0,"X"]
[{"v":260940154,"d":"26 09 4015 4"},"00","Klinikum Coburg GmbH","Ketschendorfer Straße 33","96450","Coburg","BY",546,{"v":12,"d":"B-12"},"H",{"v":9.37,"d":"9"},0,{"v":2047,"d":"2,047"},217,5,5,233,2,2,2,19,2,14,5,2,0,12,69,0," "]
[{"v":260911137,"d":"26 09 1113 7"},"01","Helios Amper-Klinikum","Krankenhausstraße 15","85221","Dachau","BY",441,{"v":10,"d":"B-10"},"B",0,3,756,85,0,5,97,0,0,0,4,2,0,0,0,0,30,0,0," "]
[{"v":260920127,"d":"26 09 2012 7"},"01","DONAUISAR Klinikum Deggendorf","Perlasberger Str. 41","94469","Deggendorf","BY",465,{"v":7,"d":"B-7"},"H",{"v":8.42,"d":"8"},0,{"v":2035,"d":"2,035"},209,0,2,124,91,5,4,13,2,6,13,0,0,48,63,0," "]
[{"v":260971937,"d":"26 09 7193 7"},"00","Kreisklinik St. Elisabeth","Ziegelstraße 38","89407","Dillingen","BY",200,{"v":2,"d":"B-2"},"B",0,1,153,12,0,2,23,0,0,0,0,0,0,0,0,0,0,0,0,"X"]
[{"v":260911171,"d":"26 09 1117 1"},"00","Kreisklinik Ebersberg gemeinnützige GmbH","Pfarrer-Guggetzer-Straße 3","85560","Ebersberg","BY",328,{"v":16,"d":"B-16"},"H, B",{"v":7.41,"d":"7"},3,{"v":1128,"d":"1,128"},111,0,2,76,49,4,0,15,5,4,8,0,2,44,19,0,"X"]
[{"v":260920639,"d":"26 09 2063 9"},"01","Rottal-Inn Kliniken Kommunalunternehmen (KU)","Simonsöder Allee 20","84307","Eggenfelden","BY",575,{"v":8,"d":"B-8"},"B",0,5,{"v":1554,"d":"1,554"},84,0,0,89,0,2,0,6,2,0,4,0,0,19,30,0," "]
[{"v":260914868,"d":"26 09 1486 8"},"01","Kliniken im Naturpark Altmühltal, Klinik Eichstätt","Ostenstr. 31","85072","Eichstätt","BY",152,{"v":3,"d":"B-3"},"B",0,2,40,10,2,0,16,0,0,0,0,0,0,0,0,0,0,0,0," "]
[{"v":260911239,"d":"26 09 1123 9"},"01","Klinikum Landkreis Erding","Bajuwarenstraße 5","85435","Erding","BY",288,{"v":5,"d":"B-5"},"B",0,1,382,33,2,2,38,13,0,0,0,0,0,0,0,0,0,8,0," "]
[{"v":260950066,"d":"26 09 5006 6"},"00","Malteser Waldkrankenhaus St. Marien","Rathsberger Straße 57","91054","Erlangen","BY",290,{"v":8,"d":"B-8"},"H",13,0,{"v":1809,"d":"1,809"},215,2,11,142,141,2,0,17,2,2,15,0,2,20,61,0,"X"]
[{"v":260950567,"d":"26 09 5056 7"},"00","Universitätsklinikum Erlangen","Maximiliansplatz 2","91054","Erlangen","BY",{"v":1394,"d":"1,394"},{"v":33,"d":"B-33"},"H",{"v":20.57,"d":"21"},0,669,2,0,2,2,0,4,0,4,4,6,12,10,2,44,2,0," "]
[{"v":260960649,"d":"26 09 6064 9"},"01","HELIOS Klinik Erlenbach","Krankenhausstr. 45","63906","Erlenbach am Main","BY",262,{"v":10,"d":"B-10"},"B",0,3,211,29,0,6,37,0,0,0,0,0,0,0,0,0,0,17,0," "]
[{"v":260940358,"d":"26 09 4035 8"},"00","Klinikum Forchheim","Krankenhausstraße 10","91301","Forchheim","BY",225,{"v":5,"d":"B-5"},"H",1,0,204,11,0,2,16,0,2,0,0,0,0,0,0,0,0,11,0,"X"]
[{"v":260911273,"d":"26 09 1127 3"},"00","Klinikum Freising GmbH","Alois-Steinecker-Straße 18","85354","Freising","BY",353,{"v":13,"d":"B-13"},"B",0,2,91,17,0,2,21,0,0,0,0,0,0,0,0,0,0,12,0," "]
[{"v":260911295,"d":"26 09 1129 5"},"00","Klinikum Fürstenfeldbruck","Dachauer Str. 33","82256","Fürstenfeldbruck","BY",380,{"v":11,"d":"B-11"},"B",0,5,{"v":1433,"d":"1,433"},147,0,2,121,41,0,0,4,2,0,5,0,0,38,4,0," "]
[{"v":260950077,"d":"26 09 5007 7"},"00","Klinikum Fürth","Jakob-Henle-Straße 1","90766","Fürth","BY",777,{"v":16,"d":"B-16"},"H",{"v":13.54,"d":"14"},0,{"v":2761,"d":"2,761"},280,10,2,154,227,8,2,29,8,0,24,0,0,152,89,0," "]
[{"v":260911320,"d":"26 09 1132 0"},"01","Klinikum Garmisch-Partenkirchen - Haupthaus","Auenstraße 6","82467","Garmisch-Partenkirchen","BY",430,{"v":9,"d":"B-9"},"H",{"v":8.81,"d":"9"},0,{"v":1335,"d":"1,335"},142,0,8,125,2,7,6,14,5,4,11,2,0,27,17,0," "]
[{"v":260921231,"d":"26 09 2123 1"},"03","Krankenhaus Grafenau","Schwarzmaierstraße 21","94481","Grafenau","BY",115,{"v":2,"d":"B-2"},"B",0,3,{"v":1002,"d":"1,002"},97,0,0,128,2,0,0,0,0,0,0,0,0,0,23,0,"X"]
[{"v":260970457,"d":"26 09 7045 7"},"00","Günzburg","Ludwig-Heilmeyer-Str. 1","89312","Günzburg","BY",240,{"v":2,"d":"B-2"},"B",0,5,510,87,0,0,71,19,0,0,0,0,0,0,0,0,2,0,0," "]
[{"v":260940198,"d":"26 09 4019 8"},"00","Sana Klinikum Hof","Eppenreuther Str. 9","95032","Hof","BY",465,{"v":11,"d":"B-11"},"H, H",{"v":15.56,"d":"16"},0,{"v":2887,"d":"2,887"},201,2,2,207,10,8,0,19,2,8,10,0,0,57,31,0," "]
[{"v":260970629,"d":"26 09 7062 9"},"00","Illertalklinik Illertissen","Krankenhausstr.  7","89257","Illertissen","BY",74,{"v":4,"d":"B-4"},"B",0,4,358,60,0,4,75,0,0,0,0,0,0,0,0,0,0,0,0,"X"]
[{"v":260913037,"d":"26 09 1303 7"},"00","Klinikum Ingolstadt GmbH","Krumenauerstr. 25","85049","Ingolstadt","BY",{"v":1112,"d":"1,112"},{"v":4,"d":"B-4"},"H",{"v":13.56,"d":"14"},0,{"v":2994,"d":"2,994"},303,8,5,174,140,8,0,30,17,2,12,2,0,113,185,0," "]
[{"v":260970140,"d":"26 09 7014 0"},"00","Klinikum Kaufbeuren","Dr.-Gutermann-Straße 2","87600","Kaufbeuren","BY",360,{"v":10,"d":"B-10"},"B",0,4,{"v":1035,"d":"1,035"},123,2,2,168,0,4,0,2,0,0,0,0,0,21,0,0,"X"]
[{"v":260920285,"d":"26 09 2028 5"},"00","Goldberg-Klinik Kelheim GmbH","Traubenweg 3","93309","Kelheim","BY",182,{"v":7,"d":"B-7"},"B",0,2,222,31,0,2,38,0,0,0,0,0,0,0,0,0,0,0,0," "]
[{"v":260970173,"d":"26 09 7017 3"},"00","Klinikverbund Kempten-Oberallgäu gGmbH - Klinikum Kempten","Robert-Weixler-Straße 50","87439","Kempten","BY",480,{"v":12,"d":"B-12"},"H",{"v":9.3,"d":"9"},0,{"v":1805,"d":"1,805"},144,0,4,152,21,4,2,31,15,4,13,7,0,36,76,0," "]
[{"v":260940449,"d":"26 09 4044 9"},"01","Klinikum Kulmbach","Albert-Schweitzer-Straße 10","95326","Kulmbach","BY",450,{"v":9,"d":"B-9"},"G",0,0,{"v":1229,"d":"1,229"},70,0,2,79,16,0,0,14,4,6,2,0,0,26,6,0,"X"]
[{"v":260920127,"d":"26 09 2012 7"},"02","DONAUISAR Klinikum Landau","Bayerwaldring 17","94405","Landau a. d. Isar","BY",125,{"v":8,"d":"B-8"},"B",0,2,112,14,0,0,2,25,0,0,0,0,0,0,0,0,0,9,0,"X"]
[{"v":260920014,"d":"26 09 2001 4"},"00","Klinikum Landshut gGmbH","Robert-Koch-Straße 1","84034","Landshut","BY",520,{"v":10,"d":"B-10"},"H",{"v":10.97,"d":"11"},0,{"v":2437,"d":"2,437"},224,7,4,216,61,10,7,18,11,6,9,4,0,56,7,0,"X"]
[{"v":260950419,"d":"26 09 5041 9"},"01","Krankenhäuser Nürnberger Land GmbH - Krankenhaus Lauf","Simonshofer Straße 55","91207","Lauf","BY",188,{"v":5,"d":"B-5"},"B",0,3,200,32,2,2,21,24,0,0,0,0,0,0,0,0,0,5,0,"X"]
[{"v":260972164,"d":"26 09 7216 4"},"00","Rotkreuzklinik Lindenberg gGmbH","Dr.-Otto-Geßler-Platz 1","88161","Lindenberg","BY",174,{"v":7,"d":"B-7"},"B",0,2,977,147,2,2,18,145,0,0,0,0,0,0,0,0,43,0,0," "]
[{"v":260960605,"d":"26 09 6060 5"},"01","Klinikum Main-Spessart Lohr","Grafen-von-Rieneck Straße 5","97816","Lohr am Main","BY",200,{"v":4,"d":"B-4"},"B",0,2,134,32,0,4,41,0,0,0,0,0,0,0,0,0,0,0,0,"X"]
[{"v":260920695,"d":"26 09 2069 5"},"00","Klinik Mallersdorf","Krankenhausstraße 6","84066","Mallersdorf-Pfaffenberg","BY",135,{"v":2,"d":"B-2"},"H",3,0,676,47,0,4,40,15,0,0,2,2,0,2,0,0,15,7,0," "]
[{"v":260940520,"d":"26 09 4052 0"},"01","Klinikum Fichtelgebirge gGmbH - Haus Marktredwitz","Schillerhain 1-8","95615","Marktredwitz","BY",263,{"v":3,"d":"B-3"},"H",{"v":9.96,"d":"10"},0,{"v":1762,"d":"1,762"},161,10,2,183,16,2,0,28,8,8,13,0,2,78,26,0,"X"]
[{"v":260970219,"d":"26 09 7021 9"},"00","Memmingen","Bismarckstraße 23","87700","Memmingen","BY",500,{"v":4,"d":"B-4"},"H",{"v":12.6,"d":"13"},0,{"v":2076,"d":"2,076"},222,4,4,49,180,4,0,14,2,4,5,0,0,65,61,0,"X"]
[{"v":260960649,"d":"26 09 6064 9"},"02","HELIOS Klinik Miltenberg","Breitendieler Str. 32","63897","Miltenberg","BY",30,{"v":1,"d":"B-1"},"B",0,2,76,18,0,0,18,0,0,0,0,0,0,0,0,0,0,8,0,"X"]
[{"v":260911707,"d":"26 09 1170 7"},"01","Kreiskliniken des Landkreises Mühldorf a. Inn GmbH - Klinik Mühldorf","Krankenhausstr. 1","84453","Mühldorf a. Inn","BY",267,{"v":4,"d":"B-4"},"B",0,4,{"v":1009,"d":"1,009"},82,2,6,95,2,2,2,4,2,2,2,2,0,36,24,0," "]
[{"v":260913721,"d":"26 09 1372 1"},"00","Isar Kliniken GmbH","Sonnenstraße 24-26","80331","München","BY",192,{"v":5,"d":"B-5"},"G",0,0,551,70,2,4,64,73,0,0,12,2,0,9,0,0,37,12,0," "]
[{"v":260914492,"d":"26 09 1449 2"},"01","Rotkreuzklinikum München","Nymphenburger Straße 163","80634","München","BY",280,{"v":10,"d":"B-10"},"B",0,4,262,49,0,2,33,38,0,0,0,0,0,0,0,0,2,31,0," "]
[{"v":260910192,"d":"26 09 1019 2"},"00","Klinikum Dritter Orden München-Nymphenburg","Menzinger Str. 44","80638","München","BY",592,{"v":7,"d":"B-7"},"H",{"v":15.55,"d":"16"},0,{"v":3971,"d":"3,971"},0,0,0,0,0,0,0,0,0,6,0,0,0,0,0,0," "]
[{"v":260910205,"d":"26 09 1020 5"},"00","Barmherzige Brüder Krankenhaus München","Romanstraße 93","80639","München","BY",365,{"v":5,"d":"B-5"},"H",{"v":13.93,"d":"14"},0,{"v":2950,"d":"2,950"},289,9,2,423,7,7,0,25,5,0,26,0,0,98,6,0," "]
[{"v":260914050,"d":"26 09 1405 0"},"00","Klinikum der Universität München","Marchioninistraße 15","81377","München","BY",{"v":2058,"d":"2,058"},{"v":26,"d":"B-26"},"H",{"v":23.7,"d":"24"},0,{"v":4253,"d":"4,253"},388,12,6,119,336,6,0,120,41,4,88,2,0,623,20,0,"X"]
[{"v":260913479,"d":"26 09 1347 9"},"00","München Klinik Harlaching, Städtisches Klinikum München GmbH","Sanatoriumsplatz 2","81545","München","BY",737,{"v":14,"d":"B-14"},"H",{"v":10.73,"d":"11"},0,{"v":2125,"d":"2,125"},173,0,11,151,74,2,0,11,2,4,6,0,0,2,20,0,"X"]
[{"v":260913195,"d":"26 09 1319 5"},"00","Klinikum rechts der Isar der Technischen Universität München","Ismaninger Straße 22","81675","München","BY",{"v":1145,"d":"1,145"},{"v":27,"d":"B-27"},"H",{"v":24.56,"d":"25"},0,{"v":3035,"d":"3,035"},516,7,2,120,235,311,20,83,47,0,56,4,4,391,66,0,"X"]
[{"v":260913663,"d":"26 09 1366 3"},"00","Chirurgische Klinik München-Bogenhausen","Denninger Str. 44","81679","München","BY",85,{"v":4,"d":"B-4"},"G",0,0,{"v":1506,"d":"1,506"},16,0,5,2,32,0,0,2,2,0,0,4,0,4,0,0," "]
[{"v":260913480,"d":"26 09 1348 0"},"00","München Klinik Bogenhausen, Städtisches Klinikum München GmbH","Englschalkinger Str. 77","81925","München","BY",959,{"v":16,"d":"B-16"},"H",{"v":12.68,"d":"13"},0,{"v":2583,"d":"2,583"},239,10,32,163,178,6,2,13,4,2,7,0,0,31,47,0," "]
[{"v":260914301,"d":"26 09 1430 1"},"00","MediCare Flughafen München Medizinisches Zentrum GmbH - AirportClinic M","Terminalstraße West Terminal 1, Mod. E","85356","München-Flughafen","BY",8,{"v":3,"d":"B-3"},"H",{"v":0.2,"d":"0"},0,14,2,0,0,5,2,0,0,0,0,0,0,0,0,0,0,0," "]
[{"v":260911832,"d":"26 09 1183 2"},"00","Kliniken St. Elisabeth","Müller-Gnadenegg-Weg 4","86633","Neuburg / Donau","BY",321,{"v":11,"d":"B-11"},"B",0,2,579,66,0,0,84,5,0,0,0,0,0,0,0,0,0,8,0," "]
[{"v":260930301,"d":"26 09 3030 1"},"01","Klinikum Neumarkt","Nürnberger Straße 12","92318","Neumarkt","BY",500,{"v":9,"d":"B-9"},"H",{"v":7.84,"d":"8"},0,{"v":1663,"d":"1,663"},145,2,2,111,30,2,0,16,2,2,13,2,0,13,5,0," "]
[{"v":260950351,"d":"26 09 5035 1"},"01","Klinik Neustadt an der Aisch","Paracelsusstr. 30","91413","Neustadt an der Aisch","BY",181,{"v":7,"d":"B-7"},"B",0,2,{"v":1003,"d":"1,003"},59,2,2,37,35,0,0,0,0,2,0,0,0,0,0,0," "]
[{"v":260972233,"d":"26 09 7223 3"},"02","Stiftungskrankenhaus Nördlingen","Stoffelsberg 4","86720","Nördlingen","BY",172,{"v":7,"d":"B-7"},"B",0,3,154,29,2,0,33,0,0,0,0,0,0,0,0,0,0,2,0," "]
[{"v":260950099,"d":"26 09 5009 9"},"01","Klinikum Nürnberg Nord","Prof.-Ernst-Nathan-Str. 1","90419","Nürnberg","BY",{"v":1322,"d":"1,322"},{"v":12,"d":"B-12"},"H",{"v":18.2,"d":"18"},0,{"v":4050,"d":"4,050"},358,0,9,327,135,13,2,38,8,2,29,4,0,96,71,0,"X"]
[{"v":260950113,"d":"26 09 5011 3"},"00","St. Theresien-Krankenhaus Nürnberg gGmbH","Mommsenstraße 24","90491","Nürnberg","BY",276,{"v":5,"d":"B-5"},"H",{"v":1.25,"d":"1"},0,988,102,4,5,161,2,2,0,14,4,2,9,0,0,31,38,0," "]
[{"v":260950896,"d":"26 09 5089 6"},"00","Krankenhaus Martha-Maria Nürnberg","Stadenstraße 58","90491","Nürnberg","BY",290,{"v":8,"d":"B-8"},"G",0,0,{"v":1941,"d":"1,941"},240,21,2,184,86,2,6,24,2,6,18,7,0,84,107,0," "]
[{"v":260960810,"d":"26 09 6081 0"},"00","Main-Klinik Ochsenfurt gGmbH","Am Greinberg 25","97199","Ochsenfurt","BY",140,{"v":7,"d":"B-7"},"G",0,0,{"v":1047,"d":"1,047"},69,0,2,105,23,4,0,9,2,0,6,0,0,46,37,0," "]
[{"v":260920069,"d":"26 09 2006 9"},"00","Klinikum Passau","Innstraße 76","94032","Passau","BY",645,{"v":13,"d":"B-13"},"B",0,4,{"v":1018,"d":"1,018"},119,2,7,125,0,2,0,2,0,0,2,0,0,16,42,0," "]
[{"v":260940303,"d":"26 09 4030 3"},"00","Sana Klinik Pegnitz GmbH","Langer Berg 12","91257","Pegnitz","BY",117,{"v":2,"d":"B-2"},"H",{"v":9.4,"d":"9"},0,{"v":1966,"d":"1,966"},17,0,0,16,0,0,0,0,0,0,0,0,0,0,13,0," "]
[{"v":260911810,"d":"26 09 1181 0"},"00","Urologische Klinik München - Planegg","Germeringer Straße 32","82152","Planegg","BY",65,{"v":1,"d":"B-1"},"H",{"v":18.1,"d":"18"},0,{"v":3400,"d":"3,400"},436,40,14,60,620,14,8,57,31,2,29,0,0,228,12,0,"X"]
[{"v":260910637,"d":"26 09 1063 7"},"02","RoMed Klinik Prien am Chiemsee","Harrasser Str. 61 - 63","83209","Prien a. Chiemsee","BY",140,{"v":4,"d":"B-4"},"B",0,2,224,27,0,0,28,0,0,0,0,0,0,0,0,0,9,21,0," "]
[{"v":260930050,"d":"26 09 3005 0"},"00","Krankenhaus Barmherzige Brüder Regensburg","Prüfeninger Str. 86","93049","Regensburg","BY",905,{"v":17,"d":"B-17"},"H, H",{"v":15.82,"d":"16"},0,{"v":2171,"d":"2,171"},78,0,26,109,44,4,0,15,2,16,20,17,4,50,2,0,"X"]
[{"v":260930061,"d":"26 09 3006 1"},"00","Caritas-Krankenhaus St. Josef","Landshuterstraße 65","93053","Regensburg","BY",300,{"v":10,"d":"B-10"},"H",{"v":18.03,"d":"18"},0,{"v":3821,"d":"3,821"},344,11,2,253,224,25,7,50,11,6,33,8,0,240,32,0,"X"]
[{"v":260910637,"d":"26 09 1063 7"},"01","RoMed Klinikum Rosenheim","Pettenkoferstraße 10","83022","Rosenheim","BY",622,{"v":15,"d":"B-15"},"H",{"v":10.29,"d":"10"},0,{"v":1765,"d":"1,765"},216,2,16,182,74,11,0,9,5,2,4,0,0,21,24,0," "]
[{"v":260950486,"d":"26 09 5048 6"},"00","Kreisklinik Roth","Weinbergweg 14","91154","Roth","BY",270,{"v":10,"d":"B-10"},"B",0,3,364,52,0,2,38,18,0,0,0,0,0,0,0,0,0,4,0," "]
[{"v":260950011,"d":"26 09 5001 1"},"03","ANregiomed Klinik Rothenburg","Ansbacher Str. 131","91541","Rothenburg","BY",180,{"v":1,"d":"B-1"},"B",0,1,123,26,0,0,31,0,0,0,0,0,0,0,0,0,2,11,0," "]
[{"v":260912490,"d":"26 09 1249 0"},"00","Krankenhaus Schongau","Marie-Eberth-Straße 6","86956","Schongau","BY",180,{"v":8,"d":"B-8"},"B",0,5,370,50,0,2,4,54,0,0,0,0,0,0,0,0,25,2,0," "]
[{"v":260911854,"d":"26 09 1185 4"},"00","Kreiskrankenhaus Schrobenhausen GmbH","Högenauer Weg 5","86529","Schrobenhausen","BY",150,{"v":1,"d":"B-1"},"B",0,2,456,39,0,0,47,2,2,0,0,0,2,0,0,0,6,0,0," "]
[{"v":260930492,"d":"26 09 3049 2"},"00","Krankenhaus St. Barbara","Steinberger Straße 24","92421","Schwandorf","BY",267,{"v":6,"d":"B-6"},"B",0,3,740,58,0,7,89,2,0,0,0,0,0,0,0,0,0,23,0," "]
[{"v":260960046,"d":"26 09 6004 6"},"00","Leopoldina-Krankenhaus","Gustav-Adolf-Str. 8","97422","Schweinfurt","BY",694,{"v":7,"d":"B-7"},"H",{"v":10.11,"d":"10"},0,{"v":2219,"d":"2,219"},210,6,0,212,37,8,4,16,8,6,5,0,2,23,18,0," "]
[{"v":260912285,"d":"26 09 1228 5"},"00","Klinikum Starnberg","Oßwaldstr. 1","82319","Starnberg","BY",300,{"v":16,"d":"B-16"},"H",{"v":2.8,"d":"3"},0,745,73,5,2,126,22,7,2,0,0,0,2,0,0,38,39,0," "]
[{"v":260920092,"d":"26 09 2009 2"},"00","Klinikum St. Elisabeth Straubing GmbH","St.-Elisabeth-Str. 23","94315","Straubing","BY",456,{"v":10,"d":"B-10"},"H",{"v":9.86,"d":"10"},0,{"v":1799,"d":"1,799"},141,0,0,101,69,6,2,12,4,4,6,2,4,110,47,0,"X"]
[{"v":260912434,"d":"26 09 1243 4"},"01","Klinikum Traunstein","Cuno-Niggl-Str. ^3","83278","Traunstein","BY",548,{"v":18,"d":"B-18"},"H",{"v":5.54,"d":"6"},0,{"v":2147,"d":"2,147"},143,6,8,136,125,4,0,13,2,2,11,0,0,60,58,0," "]
[{"v":260930129,"d":"26 09 3012 9"},"01","Kliniken Nordoberpfalz AG - Klinikum Weiden","Söllnerstraße 16","92637","Weiden i. d. OPf.","BY",649,{"v":7,"d":"B-7"},"H",{"v":11.06,"d":"11"},0,{"v":2364,"d":"2,364"},332,2,6,81,191,4,2,10,2,4,12,0,2,31,101,88," "]
[{"v":260950727,"d":"26 09 5072 7"},"00","Klinikum Altmühlfranken Weißenburg","Krankenhausstr. 1","91781","Weißenburg","BY",190,{"v":8,"d":"B-8"},"B",0,3,507,42,0,0,31,20,0,0,0,0,0,0,0,0,0,17,0," "]
[{"v":260900189,"d":"26 09 0018 9"},"02","Juliusspital Würzburg","Juliuspromenade 19","97070","Würzburg","BY",342,{"v":1,"d":"B-1"},"B, H",{"v":2.74,"d":"3"},2,635,73,2,0,85,9,2,0,0,0,0,0,0,0,21,4,0,"X"]
[{"v":260900189,"d":"26 09 0018 9"},"01","Missioklinik Würzburg","Salvatorstr. 7","97074","Würzburg","BY",321,{"v":4,"d":"B-4"},"H",{"v":14.56,"d":"15"},0,{"v":2911,"d":"2,911"},273,10,7,293,12,6,2,22,11,0,9,4,0,527,30,0,"X"]
[{"v":260960079,"d":"26 09 6007 9"},"00","Universitätsklinikum Würzburg","Josef-Schneider-Straße 2","97080","Würzburg","BY",{"v":1438,"d":"1,438"},{"v":5,"d":"B-5"},"H",{"v":17.71,"d":"18"},0,{"v":2580,"d":"2,580"},271,0,2,56,142,16,9,52,23,2,45,21,0,107,37,0,"X"]
[{"$nulls":5},"∑ von 85 Kliniken in Bayern","BY",{"v":37012,"d":"37,012"},{"$nulls":4},{"v":120796,"d":"120,796"},{"v":11238,"d":"11,238"},231,380,{"v":8835,"d":"8,835"},{"v":4760,"d":"4,760"},581,107,{"v":1054,"d":"1,054"},359,177,685,118,26,{"v":4307,"d":"4,307"},{"v":2371,"d":"2,371"},88,{"v":2120,"d":"2,120"}]
[]
[{"$nulls":5},"in Berlin","BE"]
[{"v":261102323,"d":"26 11 0232 3"},"00","Bundeswehrkrankenhaus Berlin","Scharnhorststraße 13","10115","Berlin","BE",367,{"v":4,"d":"B-4"},"H",15,0,{"v":1002,"d":"1,002"},167,2,10,69,99,2,2,12,2,12,0,2,0,25,31,0," "]
[{"v":261110027,"d":"26 11 1002 7"},"01","St. Hedwig-Krankenhaus Berlin","Große Hamburger Straße 5-11","10115","Berlin","BE",427,{"v":7,"d":"B-7"},"H",{"v":12.56,"d":"13"},0,{"v":2366,"d":"2,366"},367,0,9,335,183,16,6,21,6,2,23,8,0,21,70,0," "]
[{"v":261101015,"d":"26 11 0101 5"},"00","Charité - Universitätsmedizin Berlin","Charitéplatz 1","10117","Berlin","BE",{"v":3011,"d":"3,011"},{"v":5,"d":"B-5"},"H",{"v":33.5,"d":"34"},0,{"v":5588,"d":"5,588"},489,8,62,301,112,54,5,42,13,10,26,0,0,339,47,0,"X"]
[{"v":261101878,"d":"26 11 0187 8"},"04","Vivantes Klinikum im Friedrichshain","Landsberger Allee 49","10249","Berlin","BE",{"v":1003,"d":"1,003"},{"v":19,"d":"B-19"},"H",{"v":10.65,"d":"11"},0,{"v":2441,"d":"2,441"},310,2,18,181,131,2,4,18,2,0,15,4,2,81,48,0,"X"]
[{"v":261101479,"d":"26 11 0147 9"},"00","Evangelisches Krankenhaus Königin Elisabeth Herzberge gGmbH","Herzbergstraße 79","10365","Berlin","BE",720,{"v":13,"d":"B-13"},"H",{"v":6.86,"d":"7"},0,{"v":1697,"d":"1,697"},355,4,44,386,0,7,9,36,2,0,49,0,0,35,18,0," "]
[{"v":261102436,"d":"26 11 0243 6"},"00","Klinik Schöneberg","Fuggerstraße 23","10777","Berlin","BE",28,{"v":2,"d":"B-2"},"B",0,9,581,8,0,22,64,2,2,0,2,2,0,2,0,0,4,0,0," "]
[{"v":261100036,"d":"26 11 0003 6"},"00","Franziskus Krankenhaus Berlin","Budapester Str. 15-19","10787","Berlin","BE",185,{"v":3,"d":"B-3"},"H",{"v":15.47,"d":"15"},0,{"v":3620,"d":"3,620"},575,0,0,0,0,0,0,35,0,0,0,0,0,96,0,0," "]
[{"v":261101878,"d":"26 11 0187 8"},"03","Vivantes Klinikum Am Urban","Dieffenbachstraße  1","10967","Berlin","BE",614,{"v":9,"d":"B-9"},"H",{"v":15.88,"d":"16"},0,{"v":3724,"d":"3,724"},324,15,11,204,156,12,5,43,11,2,33,0,0,281,21,0,"X"]
[{"v":261101878,"d":"26 11 0187 8"},"01","Vivantes Auguste-Viktoria-Klinikum","Rubensstraße 125","12157","Berlin","BE",572,{"v":11,"d":"B-11"},"H",{"v":18.3,"d":"18"},0,{"v":4579,"d":"4,579"},719,25,5,511,333,6,0,62,14,6,41,2,2,171,93,0,"X"]
[{"v":261100797,"d":"26 11 0079 7"},"00","Krankenhaus Bethel Berlin","Promenadenstrasse 3 - 5","12207","Berlin","BE",250,{"v":6,"d":"B-6"},"B",0,3,5,2,0,2,2,0,0,0,0,0,0,0,0,0,0,0,0," "]
[{"v":261101754,"d":"26 11 0175 4"},"00","BG-Unfallklinik - Unfallkrankenhaus Berlin gGmbH","Warener Straße 7","12683","Berlin","BE",574,{"v":5,"d":"B-5"},"H",{"v":8.06,"d":"8"},0,{"v":1718,"d":"1,718"},256,0,19,259,0,2,0,19,2,4,13,4,0,13,23,0," "]
[{"v":261101300,"d":"26 11 0130 0"},"00","Helios Klinikum Berlin-Buch","Schwanebecker Chaussee 50","13125","Berlin","BE",{"v":1096,"d":"1,096"},{"v":14,"d":"B-14"},"H",{"v":11.7,"d":"12"},0,{"v":2439,"d":"2,439"},400,2,42,207,214,11,6,39,8,7,26,0,0,25,89,0," "]
[{"v":261101878,"d":"26 11 0187 8"},"02","Vivantes Humboldt-Klinikum","Am Nordgraben 2","13509","Berlin","BE",636,{"v":9,"d":"B-9"},"H",{"v":14.79,"d":"15"},0,{"v":3465,"d":"3,465"},505,0,7,436,18,2,4,48,15,0,39,0,0,334,76,0,"X"]
[{"$nulls":5},"∑ von 13 Kliniken in Berlin","BE",{"v":9483,"d":"9,483"},{"$nulls":4},{"v":33225,"d":"33,225"},{"v":4477,"d":"4,477"},423,804,{"v":15376,"d":"15,376"},{"v":8510,"d":"8,510"},{"v":1150,"d":"1,150"},214,{"v":1899,"d":"1,899"},608,286,{"v":1274,"d":"1,274"},211,46,{"v":7944,"d":"7,944"},{"v":3825,"d":"3,825"},176,{"v":4197,"d":"4,197"}]
[]
[{"$nulls":5},"in Brandenburg ","BB"]
[{"v":261201356,"d":"26 12 0135 6"},"00","HELIOS Klinikum Bad Saarow","Pieskower Straße 33","15526","Bad Saarow","BB",583,{"v":10,"d":"B-10"},"H",{"v":8.7,"d":"9"},0,{"v":2424,"d":"2,424"},348,2,9,217,122,2,2,15,0,6,11,0,0,23,45,0," "]
[{"v":261200457,"d":"26 12 0045 7"},"00","Städtisches Klinikum Brandenburg GmbH","Hochstraße 29","14770","Brandenburg an der Havel","BB",437,{"v":14,"d":"B-14"},"H",7,0,{"v":1483,"d":"1,483"},305,13,4,277,25,4,2,11,2,2,14,0,0,28,29,0," "]
[{"v":261200721,"d":"26 12 0072 1"},"00","Carl-Thiem-Klinikum Cottbus gGmbH","Thiemstrasse 111","03048","Cottbus","BB",{"v":1102,"d":"1,102"},{"v":18,"d":"B-18"},"H",{"v":9.71,"d":"10"},0,{"v":1966,"d":"1,966"},217,7,4,81,189,2,2,24,7,8,11,0,0,39,8,0," "]
[{"v":261200322,"d":"26 12 0032 2"},"00","Klinikum Barnim GmbH, Werner Forßmann Krankenhaus","Rudolf-Breitscheid-Straße 100","16225","Eberswalde","BB",500,{"v":10,"d":"B-10"},"H",{"v":6.2,"d":"6"},0,{"v":1288,"d":"1,288"},167,2,2,89,138,4,0,6,2,0,2,0,0,13,33,0," "]
[{"v":261201027,"d":"26 12 0102 7"},"00","Lausitz Klinik Forst GmbH","Robert-Koch-Straße 35","03149","Forst (Lausitz)","BB",171,{"v":4,"d":"B-4"},"H",{"v":4.52,"d":"5"},0,813,108,0,0,50,44,2,0,8,0,4,4,0,0,8,7,0," "]
[{"v":261201061,"d":"26 12 0106 1"},"00","Klinikum Frankfurt (Oder) GmbH","Müllroser Chaussee 7","15236","Frankfurt (Oder)","BB",773,{"v":19,"d":"B-19"},"H",{"v":4.84,"d":"5"},0,{"v":1369,"d":"1,369"},259,0,4,138,102,4,0,10,2,0,8,0,0,15,75,0," "]
[{"v":261201323,"d":"26 12 0132 3"},"01","KMG Klinikum Mitte GmbH Klinikum Kyritz","Perleberger Str. 31a","16866","Kyritz","BB",165,{"v":4,"d":"B-4"},"B",0,1,129,11,0,6,25,0,0,0,0,0,0,0,0,0,0,2,0," "]
[{"v":261200630,"d":"26 12 0063 0"},"00","Evangelisches Krankenhaus Luckau gGmbH","Berliner Straße  24","15926","Luckau","BB",150,{"v":1,"d":"B-1"},"H",{"v":5.94,"d":"6"},0,{"v":1674,"d":"1,674"},133,2,6,176,61,2,0,6,0,0,7,0,0,43,0,0," "]
[{"v":261200549,"d":"26 12 0054 9"},"00","DRK Krankenhaus Luckenwalde","Saarstr. 1","14943","Luckenwalde","BB",253,{"v":1,"d":"B-1"},"H",{"v":7.63,"d":"8"},0,{"v":1528,"d":"1,528"},201,2,2,86,116,7,2,19,0,0,18,2,0,87,131,0," "]
[{"v":261200538,"d":"26 12 0053 8"},"01","Havelland Kliniken GmbH, Klinik Nauen","Ketziner Straße 21","14641","Nauen","BB",357,{"v":7,"d":"B-7"},"H",{"v":4.74,"d":"5"},0,{"v":1699,"d":"1,699"},207,0,2,166,62,2,0,13,0,12,5,0,0,25,18,0," "]
[{"v":261200140,"d":"26 12 0014 0"},"01","Ruppiner Kliniken","Fehrbelliner Straße 38","16816","Neuruppin","BB",806,{"v":6,"d":"B-6"},"H",{"v":6.75,"d":"7"},0,{"v":1260,"d":"1,260"},162,0,32,171,26,2,2,15,2,2,14,0,0,36,54,0," "]
[{"v":261200106,"d":"26 12 0010 6"},"00","Kreiskrankenhaus Prignitz gemeinnützige GmbH","Dobberziner Straße  112","19348","Perleberg","BB",368,{"v":5,"d":"B-5"},"H",{"v":3.58,"d":"4"},0,735,81,0,2,85,12,2,0,2,0,4,0,0,0,0,5,0," "]
[{"v":261200220,"d":"26 12 0022 0"},"00","Klinikum Ernst von Bergmann gemeinnützige GmbH","Charlottenstr. 72","14467","Potsdam","BB",{"v":1126,"d":"1,126"},{"v":17,"d":"B-17"},"H",{"v":11.75,"d":"12"},0,{"v":2711,"d":"2,711"},304,8,27,162,249,6,4,29,2,24,6,2,0,9,61,0," "]
[{"v":261200264,"d":"26 12 0026 4"},"00","Asklepios Klinikum Uckermark GmbH","Auguststraße 23","16303","Schwedt","BB",460,{"v":8,"d":"B-8"},"H",5,0,768,100,0,7,117,0,0,0,4,0,2,2,0,0,17,7,0," "]
[{"v":261200856,"d":"26 12 0085 6"},"02","Klinikum Niederlausitz GmbH","Krankenhausstraße 10","01968","Senftenberg","BB",253,{"v":6,"d":"B-6"},"H",{"v":4.4,"d":"4"},0,852,79,2,0,104,9,4,5,6,0,2,7,0,0,8,14,0," "]
[{"$nulls":5},"∑ von 15 Kliniken inBrandenburg","BB",{"v":7504,"d":"7,504"},{"$nulls":4},{"v":20699,"d":"20,699"},{"v":2682,"d":"2,682"},38,107,{"v":1944,"d":"1,944"},{"v":1155,"d":"1,155"},43,19,168,17,66,109,4,0,351,489,0,0]
[]
[{"$nulls":5},"in Bremen","HB"]
[{"v":260400015,"d":"26 04 0001 5"},"00","Klinikum HB-Mitte","St.-Jürgen-Straße 1","28205","Bremen","HB",794,{"v":27,"d":"B-27"},"H",{"v":18.89,"d":"19"},0,{"v":4215,"d":"4,215"},574,7,37,374,228,8,10,60,12,10,43,4,0,112,79,0,"X"]
[{"$nulls":5},"∑ von 1 Klinik in Bremen","HB",794,{"$nulls":4},{"v":4215,"d":"4,215"},574,7,37,374,228,8,10,60,12,10,43,4,0,112,79,0,225]
[]
[]
[{"v":260200024,"d":"26 02 0002 4"},"00","Asklepios Klinik St. Georg","Lohmühlenstr. 5","20099","Hamburg","HH",707,{"v":8,"d":"B-8"},"H",{"v":7.08,"d":"7"},0,{"v":1354,"d":"1,354"},171,0,63,125,110,2,0,11,2,0,7,0,0,4,9,0," "]
[{"v":260200013,"d":"26 02 0001 3"},"00","Universitätsklinikum Hamburg-Eppendorf","Martinistraße 52","20251","Hamburg","HH",{"v":1436,"d":"1,436"},{"v":31,"d":"B-31"},"H",{"v":36.1,"d":"36"},0,{"v":3627,"d":"3,627"},340,13,5,270,130,22,2,66,10,26,54,34,0,501,85,0,"X"]
[{"v":260201025,"d":"26 02 0102 5"},"00","Martini-Klinik am UKE GmbH","Martinistraße 52","20251","Hamburg","HH",58,{"v":1,"d":"B-1"},"H",{"v":33.5,"d":"34"},0,{"v":2046,"d":"2,046"},0,0,0,0,0,0,0,0,0,0,0,0,0,{"v":1827,"d":"1,827"},0,0,"X"]
[{"v":260201036,"d":"26 02 0103 6"},"00","Facharztklinik Hamburg","Martinistrasse 78","20251","Hamburg","HH",90,{"v":5,"d":"B-5"},"H",{"v":0.45,"d":"0"},0,149,29,2,0,25,26,0,0,0,0,0,0,0,0,0,2,0," "]
[{"v":260200079,"d":"26 02 0007 9"},"01","Asklepios Klinikum Harburg","Eißendorfer Pferdeweg 52","21075","Hamburg","HH",868,{"v":15,"d":"B-15"},"H",{"v":12.5,"d":"13"},0,{"v":3350,"d":"3,350"},328,2,2,234,156,7,2,27,2,14,22,0,0,12,19,0," "]
[{"v":260201229,"d":"26 02 0122 9"},"00","Bundeswehrkrankenhaus Hamburg","Lesserstraße 180","22049","Hamburg","HH",307,{"v":12,"d":"B-12"},"H",18,0,{"v":1543,"d":"1,543"},276,0,19,165,85,0,0,19,4,4,9,0,0,9,52,0," "]
[{"v":260200400,"d":"26 02 0040 0"},"00","Kath. Marienkrankenhaus gmeinnützige GmbH","Alfredstraße 9","22087","Hamburg","HH",605,{"v":9,"d":"B-9"},"H",{"v":11.9,"d":"12"},0,{"v":2723,"d":"2,723"},382,26,4,244,317,18,2,27,2,0,26,0,0,37,225,0," "]
[{"v":260200035,"d":"26 02 0003 5"},"00","Asklepios Klinik Barmbek","Rübenkamp 220","22307","Hamburg","HH",656,{"v":10,"d":"B-10"},"H",{"v":13.76,"d":"14"},0,{"v":3402,"d":"3,402"},445,0,30,255,212,10,0,59,11,15,35,6,0,17,2,0," "]
[{"v":260200171,"d":"26 02 0017 1"},"01","Albertinen-Krankenhaus","Süntelstraße 11A","22457","Hamburg","HH",569,{"v":12,"d":"B-12"},"N",8,0,{"v":1354,"d":"1,354"},192,0,0,0,0,0,0,9,0,0,10,0,0,9,0,0," "]
[{"v":260200091,"d":"26 02 0009 1"},"00","Asklepios  Westklinikum Hamburg GmbH","Suurheid 20","22559","Hamburg","HH",517,{"v":7,"d":"B-7"},"G",0,0,761,100,0,17,134,2,2,0,8,2,0,5,0,0,2,22,0," "]
[{"v":260200068,"d":"26 02 0006 8"},"00","Asklepios Klinik Altona","Paul-Ehrlich-Straße 1","22763","Hamburg","HH",657,{"v":9,"d":"B-9"},"H",{"v":11.23,"d":"11"},0,{"v":1934,"d":"1,934"},369,0,5,118,197,2,4,45,4,8,34,0,0,20,29,0,"X"]
[{"$nulls":5},"∑ von 11 Kliniken inHamburg",null,{"v":6470,"d":"6,470"},{"$nulls":4},{"v":22243,"d":"22,243"},{"v":2632,"d":"2,632"},43,145,{"v":1570,"d":"1,570"},{"v":1235,"d":"1,235"},63,10,271,37,67,202,40,0,{"v":2438,"d":"2,438"},445,0,{"v":1229,"d":"1,229"}]
[]
[{"$nulls":5},"in Hessen","HE"]
[{"v":260620271,"d":"26 06 2027 1"},"01","Klinikum Bad Hersfeld","Seilerweg 29","36251","Bad Hersfeld","HE",562,{"v":8,"d":"B-8"},"H",{"v":7.46,"d":"7"},0,{"v":1859,"d":"1,859"},170,4,2,203,0,2,4,14,6,2,6,0,0,18,20,0," "]
[{"v":260610792,"d":"26 06 1079 2"},"01","Hochtaunus Kliniken gGmbH Standort Bad Homburg","Zeppelinstr. 20",61352,"Bad Homburg","HE",594,"B-6","H",8,0,{"v":1694,"d":"1,694"},180,4,15,215,17,2,0,10,1,7,6,0,0,12,36,0,"X"]
[{"v":260611383,"d":"26 06 1138 3"},"02","Kliniken des Main-Taunus-Kreises GmbH","Kronberger Straße 36","65812","Bad Soden am Taunus","HE",385,{"v":4,"d":"B-4"},"H",{"v":5.6,"d":"6"},0,{"v":1325,"d":"1,325"},165,2,0,197,4,8,0,11,0,4,8,0,0,44,39,0,"X"]
[{"v":260660441,"d":"26 06 6044 1"},"00","Asklepios Stadtklinik Bad Wildungen","Brunnenallee 19","34537","Bad Wildungen","HE",175,{"v":3,"d":"B-3"},"H",{"v":9.85,"d":"10"},0,{"v":2276,"d":"2,276"},259,0,5,145,103,4,2,19,6,0,15,0,0,65,23,0," "]
[{"v":260600255,"d":"26 06 0025 5"},"00","Heilig-Geist Hospital GmbH & Co. KG","Rodensteinstraße 94","64625","Bensheim","HE",145,{"v":4,"d":"B-4"},"G",0,0,{"v":1151,"d":"1,151"},110,0,2,55,57,0,0,0,0,0,0,0,0,0,35,0," "]
[{"v":260620486,"d":"26 06 2048 6"},"00","DRK Krankenhaus Biedenkopf","Hainstraße 71 - 75","35216","Biedenkopf","HE",105,{"v":4,"d":"B-4"},"B",0,2,682,54,0,2,66,0,0,0,0,0,0,0,0,0,12,46,0," "]
[{"v":260610019,"d":"26 06 1001 9"},"00","Klinikum Darmstadt GmbH","Grafenstraße 9","64283","Darmstadt","HE",837,{"v":17,"d":"B-17"},"H",{"v":14.07,"d":"14"},0,{"v":2927,"d":"2,927"},303,5,2,249,107,17,2,34,14,6,11,2,0,98,61,0," "]
[{"v":260610031,"d":"26 06 1003 1"},"00","Alice-Hospital","Dieburger Straße 31","64287","Darmstadt","HE",146,{"v":3,"d":"B-3"},"B",0,3,{"v":1080,"d":"1,080"},105,0,2,166,18,0,0,0,0,0,0,0,0,18,57,0," "]
[{"v":260611009,"d":"26 06 1100 9"},"00","Dill Kliniken","Rotebergstraße 2","35683","Dillenburg","HE",261,{"v":9,"d":"B-9"},"B",0,2,{"v":1528,"d":"1,528"},61,0,2,33,38,4,0,6,4,0,2,0,0,9,0,0," "]
[{"v":260611511,"d":"26 06 1151 1"},"00","Gesundheitszentrum Odenwaldkreis GmbH","Albert-Schweitzer-Str. 10-20","64711","Erbach im Odenwald","HE",329,{"v":7,"d":"B-7"},"B",0,2,178,29,0,0,39,0,0,0,0,0,0,0,0,0,0,2,0," "]
[{"v":260660873,"d":"26 06 6087 3"},"01","Klinikum Werra Meißner GmbH / Standort Eschwege","Elsa-Brändström-Straße 1","37269","Eschwege","HE",418,{"v":10,"d":"B-10"},"B",0,2,275,36,0,0,31,0,0,0,0,0,0,0,0,0,0,2,0," "]
[{"v":260610199,"d":"26 06 1019 9"},"02","Klinik Maingau vom Roten Kreuz","Scheffelstr. 2-14","60318","Frankfurt am Main","HE",124,{"v":5,"d":"B-5"},"B",0,18,{"v":1242,"d":"1,242"},240,0,13,165,151,0,0,0,0,0,0,0,0,12,59,0," "]
[{"v":260610100,"d":"26 06 1010 0"},"01","Sankt Katharinen Krankenhaus GmbH","Seckbacher Landstraße 65","60389","Frankfurt am Main","HE",300,{"v":5,"d":"B-5"},"H",{"v":14.58,"d":"15"},0,{"v":3032,"d":"3,032"},423,0,5,393,106,11,7,42,12,4,39,2,0,344,131,0," "]
[{"v":260641243,"d":"26 06 4124 3"},"01","AGAPLESION MARKUS KRANKENHAUS","Wilhelm-Epstein-Straße 4","60431","Frankfurt am Main","HE",697,{"v":9,"d":"B-9"},"H",{"v":12.9,"d":"13"},0,{"v":1860,"d":"1,860"},197,0,2,161,53,2,2,21,7,4,15,2,0,18,18,0," "]
[{"v":260610097,"d":"26 06 1009 7"},"00","Krankenhaus Nordwest","Steinbacher Hohl 2-26","60488","Frankfurt am Main","HE",501,{"v":5,"d":"B-5"},"H",{"v":11.31,"d":"11"},0,{"v":2440,"d":"2,440"},341,0,6,185,87,12,0,16,8,0,7,0,0,73,200,116," "]
[{"v":260612124,"d":"26 06 1212 4"},"00","Universitätsklinikum Frankfurt","Theodor-Stern-Kai 7","60596","Frankfurt am Main","HE",{"v":1299,"d":"1,299"},{"v":9,"d":"B-9"},"H",{"v":15.1,"d":"15"},0,{"v":1489,"d":"1,489"},118,4,2,114,23,10,0,24,2,4,21,0,0,57,19,0,"X"]
[{"v":260610075,"d":"26 06 1007 5"},"00","Klinikum Frankfurt Höchst GmbH","Gotenstraße  6-8","65929","Frankfurt am Main","HE",851,{"v":19,"d":"B-19"},"H",7,0,{"v":1740,"d":"1,740"},175,2,0,109,119,8,0,7,2,2,4,0,0,25,56,0," "]
[{"v":260620157,"d":"26 06 2015 7"},"00","Klinikum Fulda gAG","Pacelliallee 4","36043","Fulda","HE",{"v":1007,"d":"1,007"},{"v":15,"d":"B-15"},"H",{"v":14.93,"d":"15"},0,{"v":3110,"d":"3,110"},303,9,2,224,87,20,10,51,8,4,40,23,0,186,53,0," "]
[{"v":260611225,"d":"26 06 1122 5"},"00","Krankenhaus Gelnhausen","Herzbachweg 14","63571","Gelnhausen","HE",407,{"v":11,"d":"B-11"},"G",0,0,{"v":2671,"d":"2,671"},277,0,2,184,173,2,0,26,4,14,8,0,2,42,33,0," "]
[{"v":260610279,"d":"26 06 1027 9"},"00","Universitätsklinikum Gießen und Marburg, Standort Gießen","Rudolf-Buchheim-Straße 8","35392","Gießen","HE",{"v":1284,"d":"1,284"},{"v":23,"d":"B-23"},"H",{"v":12.29,"d":"12"},0,{"v":2396,"d":"2,396"},312,6,14,0,177,4,0,2,0,10,0,0,0,0,113,0," "]
[{"v":260650369,"d":"26 06 5036 9"},"01","AGAPLESION Evangelisches Krankenhaus Mittelhessen","Paul-Zipp-Straße 171","35398","Gießen","HE",168,{"v":8,"d":"B-8"},"B",0,2,{"v":1021,"d":"1,021"},162,2,4,152,36,2,0,0,0,0,0,0,0,0,84,0," "]
[{"v":260660895,"d":"26 06 6089 5"},"00","Kassel","Weinbergstraße 7","34117","Kassel","HE",198,{"v":5,"d":"B-5"},"B",0,6,{"v":1202,"d":"1,202"},247,0,5,259,2,4,2,18,4,4,9,0,0,66,96,0," "]
[{"v":260620011,"d":"26 06 2001 1"},"00","Klinikum Kassel GmbH","Mönchebergstraße 41-43","34125","Kassel","HE",{"v":1203,"d":"1,203"},{"v":26,"d":"B-26"},"H",{"v":12.89,"d":"13"},0,{"v":2542,"d":"2,542"},329,2,2,226,48,7,14,26,15,7,18,6,0,43,28,0," "]
[{"v":260620670,"d":"26 06 2067 0"},"00","Stadtkrankenhaus Korbach gGmbH","Enser Str. 19","34497","Korbach","HE",228,{"v":6,"d":"B-6"},"B",0,4,482,44,0,0,41,16,0,0,0,0,0,0,0,0,0,0,0," "]
[{"v":260611759,"d":"26 06 1175 9"},"00","Krankenhaus Eichhof Lauterbach","Eichhofstraße 1","36341","Lauterbach","HE",240,{"v":7,"d":"B-7"},"B",0,3,{"v":1058,"d":"1,058"},107,0,2,76,15,4,0,7,2,2,4,0,2,29,52,0," "]
[{"v":260611203,"d":"26 06 1120 3"},"00","St. Vincenz-Krankenhaus Limburg","Auf dem Schafsberg -","65549","Limburg","HE",508,{"v":16,"d":"B-16"},"B",0,2,487,67,0,2,75,0,0,0,0,0,0,0,0,0,0,0,0," "]
[{"v":260620431,"d":"26 06 2043 1"},"00","Universitätsklinikum Gießen und Marburg GmbH, Standort Marburg","Baldingerstraße 01","35043","Marburg","HE",{"v":1201,"d":"1,201"},{"v":26,"d":"B-26"},"H",{"v":16.33,"d":"16"},0,{"v":2064,"d":"2,064"},209,0,5,125,129,4,7,19,5,4,14,0,0,88,20,0,"X"]
[{"v":260610359,"d":"26 06 1035 9"},"00","Sana Klinikum Offenbach GmbH","Starkenburgring 66","63069","Offenbach","HE",926,{"v":6,"d":"B-6"},"H",{"v":13.22,"d":"13"},0,{"v":3340,"d":"3,340"},347,2,16,308,2,4,0,40,16,11,24,4,2,62,63,0," "]
[{"v":260640480,"d":"26 06 4048 0"},"00","GPR Klinikum","August-Bebel-Straße 59","65428","Rüsselsheim","HE",545,{"v":14,"d":"B-14"},"H",{"v":12.53,"d":"13"},0,{"v":2341,"d":"2,341"},228,0,4,186,87,4,0,12,2,4,7,0,0,10,80,0," "]
[{"v":260610280,"d":"26 06 1028 0"},"00","Klinikum Wetzlar-Braunfels","Forsthausstraße 1","35578","Wetzlar","HE",654,{"v":13,"d":"B-13"},"H",10,0,{"v":2215,"d":"2,215"},187,0,5,99,120,5,0,23,2,9,16,0,0,8,2,0," "]
[{"v":260610473,"d":"26 06 1047 3"},"00","DKD HELIOS Klinik Wiesbaden","Aukammallee 33","65191","Wiesbaden","HE",138,{"v":13,"d":"B-13"},"H",3,0,136,23,0,5,28,15,0,0,0,0,0,0,0,0,0,7,0," "]
[{"v":260610428,"d":"26 06 1042 8"},"01","Asklepios Paulinen Klinik","Geisenheimer Straße 10","65197","Wiesbaden","HE",314,{"v":4,"d":"B-4"},"H",{"v":9.39,"d":"9"},0,{"v":1871,"d":"1,871"},215,0,5,55,176,2,0,17,4,0,12,0,0,45,34,0," "]
[{"v":260610393,"d":"26 06 1039 3"},"01","HELIOS Dr. Horst-Schmidt-Kliniken Wiesbaden","Ludwig-Erhard-Strasse 100","65199","Wiesbaden","HE",{"v":1027,"d":"1,027"},{"v":7,"d":"B-7"},"H",{"v":11.1,"d":"11"},0,{"v":1759,"d":"1,759"},280,8,4,248,93,19,2,25,6,7,27,2,2,71,72,0," "]
[{"v":260660862,"d":"26 06 6086 2"},"02","Kreisklinik Wolfhagen","Am kleinen Ofenberg 1","34466","Wolfhagen","HE",84,{"v":6,"d":"B-6"},"B",0,3,368,34,0,4,36,10,0,0,0,0,0,0,0,0,0,0,0," "]
[{"$nulls":5},"∑ von 34 Kliniken in Hessen","HE",{"v":17861,"d":"17,861"},{"$nulls":4},{"v":55841,"d":"55,841"},{"v":6337,"d":"6,337"},50,141,{"v":4848,"d":"4,848"},{"v":2069,"d":"2,069"},161,52,470,130,109,313,41,8,{"v":1455,"d":"1,455"},{"v":1541,"d":"1,541"},116,138]
[]
[{"$nulls":5},"in Mecklenburg-Vorpommern","MV"]
[{"v":261300312,"d":"26 13 0031 2"},"00","Sana-Krankenhaus Rügen GmbH - Akademisches Lehrkrankenhaus der Ernst-Moritz-Arndt-Universität Greifs","Calandstr. 7/8","18528","Bergen","MV",206,{"v":1,"d":"B-1"},"B",0,3,373,80,0,0,73,2,0,0,0,0,0,0,0,0,18,0,0," "]
[{"v":261300130,"d":"26 13 0013 0"},"00","Kreiskrankenhaus Demmin GmbH","Wollweberstraße 21","17109","Demmin","MV",203,{"v":7,"d":"B-7"},"B",0,3,483,54,0,0,71,7,0,0,0,0,0,0,0,0,0,0,0," "]
[{"v":261300152,"d":"26 13 0015 2"},"01","Universitätsmedizin Greifswald - Körperschaft des öffentlichen Rechts","Fleischmannstraße 8","17489","Greifswald","MV",939,{"v":10,"d":"B-10"},"H",{"v":11.2,"d":"11"},0,{"v":1557,"d":"1,557"},262,2,2,225,43,2,5,23,2,2,19,2,0,63,30,0," "]
[{"v":261300276,"d":"26 13 0027 6"},"00","KMG Klinikum Güstrow","Friedrich-Trendelenburg-Allee 1","18273","Güstrow","MV",446,{"v":2,"d":"B-2"},"H",{"v":4.34,"d":"4"},0,{"v":1133,"d":"1,133"},209,13,0,215,6,2,0,18,2,6,18,0,0,54,28,0," "]
[{"v":261300697,"d":"26 13 0069 7"},"00","Krankenhaus Bad Doberan GmbH","Am Waldrand 1","18209","Hohenfelde","MV",134,{"v":6,"d":"B-6"},"H",{"v":3.1,"d":"3"},0,571,100,0,2,110,9,0,0,4,2,0,2,0,2,0,74,0," "]
[{"v":261320010,"d":"26 13 2001 0"},"01","Dietrich-Bonhoeffer-Klinikum Standort Neubrandenburg","Salvador-Allende-Straße 30","17036","Neubrandenburg","MV",857,{"v":12,"d":"B-12"},"H",{"v":7.54,"d":"8"},0,{"v":1334,"d":"1,334"},210,0,4,234,5,4,0,10,2,2,2,0,0,40,10,0," "]
[{"v":261300345,"d":"26 13 0034 5"},"00","DRK-Krankenhaus Mecklenburg-Strelitz gGmbH","Penzliner Straße 56","17235","Neustrelitz","MV",164,{"v":5,"d":"B-5"},"B",0,1,21,6,0,0,6,0,0,0,0,0,0,0,0,0,0,2,0," "]
[{"v":261300744,"d":"26 13 0074 4"},"00","Asklepios Klinik Pasewalk","Prenzlauer Chaussee 30","17309","Pasewalk","MV",226,{"v":4,"d":"B-4"},"H",{"v":5.5,"d":"6"},0,{"v":1226,"d":"1,226"},171,0,2,69,80,2,2,13,2,0,13,0,0,53,38,0," "]
[{"v":261300425,"d":"26 13 0042 5"},"01","Universitätsmedizin Rostock - Teilkörperschaft der Universität Rostock","Schillingallee 35","18057","Rostock","MV",{"v":1043,"d":"1,043"},{"v":7,"d":"B-7"},"H",{"v":13.8,"d":"14"},0,{"v":2203,"d":"2,203"},323,7,11,360,2,2,0,49,17,10,43,2,0,63,26,0,"X"]
[{"v":261300185,"d":"26 13 0018 5"},"01","Helios Kliniken Schwerin","Wismarsche Straße 393-397","19055","Schwerin","MV",{"v":1062,"d":"1,062"},{"v":26,"d":"B-26"},"H",9,0,{"v":2495,"d":"2,495"},330,0,25,307,5,2,4,13,5,4,12,0,0,36,31,0," "]
[{"v":261300367,"d":"26 13 0036 7"},"01","Helios Hanseklinikum Stralsund","Große Parower Straße 47-53","18435","Stralsund","MV",467,{"v":16,"d":"B-16"},"H",{"v":6.2,"d":"6"},0,{"v":1454,"d":"1,454"},140,0,2,175,0,2,0,2,0,0,2,0,0,2,33,0," "]
[{"v":261300141,"d":"26 13 0014 1"},"00","DRK-Krankenhaus Teterow gGmbH","Goethestraße 14","17166","Teterow","MV",95,{"v":6,"d":"B-6"},"B",0,2,183,34,0,2,41,0,0,0,0,0,0,0,0,0,0,8,0," "]
[{"v":261300050,"d":"26 13 0005 0"},"01","MediClin Müritz-Klinikum","Weinbergstraße 19","17192","Waren","MV",203,{"v":5,"d":"B-5"},"H",{"v":5.13,"d":"5"},0,{"v":1136,"d":"1,136"},129,0,0,152,17,0,2,8,2,2,6,0,0,48,0,0," "]
[{"v":261300356,"d":"26 13 0035 6"},"01","Sana HANSE-Klinikum Wismar GmbH","Störtebekerstraße 6","23966","Wismar","MV",419,{"v":7,"d":"B-7"},"H",{"v":3.84,"d":"4"},0,{"v":1088,"d":"1,088"},105,2,5,109,38,2,0,6,0,2,2,0,0,8,19,0," "]
[{"$nulls":5},"∑ von 14 Kliniken in Mecklenburg-Vorpommern","MV",{"v":6464,"d":"6,464"},{"$nulls":4},{"v":15257,"d":"15,257"},{"v":2153,"d":"2,153"},24,55,{"v":2147,"d":"2,147"},214,18,13,146,34,28,119,4,2,385,299,0,13]
[]
[{"$nulls":5},"in Niedersachsen","NI"]
[{"v":260330010,"d":"26 03 3001 0"},"00","Aller-Weser-Klinik gGmbH, Krankenhaus Achim","Bierdener Mühle 2","28832","Achim","NI",131,{"v":6,"d":"B-6"},"H",{"v":1.93,"d":"2"},0,714,46,18,0,78,9,4,0,0,0,0,0,0,0,2,17,0," "]
[{"v":260321703,"d":"26 03 2170 3"},"00","AGAPLESION EV. BATHILDISKRANKENHAUS gemeinnützige GmbH","Maulbeerallee 4","31812","Bad Pyrmont","NI",280,{"v":7,"d":"B-7"},"B",0,1,442,19,0,0,61,0,0,0,2,2,0,0,0,0,2,2,0," "]
[{"v":260310209,"d":"26 03 1020 9"},"00","Städtisches Klinikum Braunschweig gGmbH","Freisestraße 9/10","38118","Braunschweig","NI",{"v":1499,"d":"1,499"},{"v":13,"d":"B-13"},"H",{"v":14.82,"d":"15"},0,{"v":3246,"d":"3,246"},369,6,4,445,39,4,2,30,8,6,18,0,0,265,152,0," "]
[{"v":260330112,"d":"26 03 3011 2"},"00","Krankenhaus Buchholz","Steinbecker Straße 44","21244","Buchholz in der Nordheide","NI",291,{"v":5,"d":"B-5"},"B",0,4,{"v":1109,"d":"1,109"},141,0,12,56,138,5,0,0,0,0,0,0,0,0,62,0," "]
[{"v":260321495,"d":"26 03 2149 5"},"00","KRH Klinikum Großburgwedel","Fuhrberger Straße 8","30938","Burgwedel","NI",223,{"v":4,"d":"B-4"},"H",{"v":11.26,"d":"11"},0,{"v":1999,"d":"1,999"},211,14,2,119,128,4,4,33,7,2,26,2,0,54,71,0," "]
[{"v":260330134,"d":"26 03 3013 4"},"00","ALLGEMEINES KRANKENHAUS CELLE","Siemensplatz 4","29223","Celle","NI",635,{"v":14,"d":"B-14"},"H",{"v":7.06,"d":"7"},0,{"v":2151,"d":"2,151"},274,0,2,224,72,2,2,24,6,2,17,0,0,33,11,0," "]
[{"v":260330167,"d":"26 03 3016 7"},"00","Helios Klinik Cuxhaven GmbH","Altenwalder Chaussee 10","27474","Cuxhaven","NI",214,{"v":8,"d":"B-8"},"H",{"v":6.8,"d":"7"},0,{"v":1076,"d":"1,076"},164,0,4,94,68,8,2,15,6,2,10,0,0,16,12,0," "]
[{"v":260320289,"d":"26 03 2028 9"},"00","Kliniken Landkreis Diepholz gGmbH, Klinik Diepholz","Eschfeldstaße 8","49356","Diepholz","NI",130,{"v":3,"d":"B-3"},"H",4,0,940,78,2,0,91,0,4,0,0,0,0,0,0,0,8,2,0," "]
[{"v":260330258,"d":"26 03 3025 8"},"00","AMEOS Klinikum Seepark Geestland","Langener Str. 66","27607","Geestland","NI",252,{"v":1,"d":"B-1"},"H",{"v":9.78,"d":"10"},0,{"v":2253,"d":"2,253"},340,0,10,241,103,2,2,22,2,13,12,0,0,21,32,0," "]
[{"v":260321451,"d":"26 03 2145 1"},"00","KRH Klinikum Robert Koch Gehrden","Von-Reden-Straße 1","30989","Gehrden","NI",358,{"v":5,"d":"B-5"},"H",{"v":10.35,"d":"10"},0,{"v":1967,"d":"1,967"},200,12,2,123,193,4,5,12,2,14,6,0,0,6,11,0," "]
[{"v":260310469,"d":"26 03 1046 9"},"00","Asklepios Harzklinik Goslar","Kösliner Straße 12","38642","Goslar","NI",310,{"v":7,"d":"B-7"},"H",3,0,877,102,0,0,108,4,2,0,8,2,2,2,0,0,4,16,0," "]
[{"v":260310378,"d":"26 03 1037 8"},"00","Universitätsmedizin Göttingen","Robert-Koch-Straße 40","37075","Göttingen","NI",{"v":1563,"d":"1,563"},{"v":39,"d":"B-39"},"H",{"v":16.01,"d":"16"},0,{"v":2440,"d":"2,440"},256,0,2,144,129,12,10,27,4,13,26,4,0,240,69,0,"X"]
[{"v":260310447,"d":"26 03 1044 7"},"00","Evangelisches Krankenhaus Göttingen-Weende gGmbH","An der Lutter 24","37075","Göttingen","NI",433,{"v":8,"d":"B-8"},"H",{"v":9.6,"d":"10"},0,{"v":1798,"d":"1,798"},229,0,17,124,107,8,6,17,4,2,14,0,0,21,45,0," "]
[{"v":260320336,"d":"26 03 2033 6"},"00","Gesundheitseinrichtungen Hameln-Pyrmont GmbH - Sana Klinikum Hameln-Pyrmont","Saint-Maur-Platz 1","31785","Hameln","NI",402,{"v":9,"d":"B-9"},"H",{"v":5.82,"d":"6"},0,{"v":1308,"d":"1,308"},145,6,8,166,75,4,0,10,2,2,6,2,0,11,40,0," "]
[{"v":260300070,"d":"26 03 0007 0"},"00","Klinikum Hann. Münden","Vogelsang 105","34346","Hann. Münden","NI",158,{"v":2,"d":"B-2"},"H",5,0,{"v":1163,"d":"1,163"},234,0,2,207,2,4,0,16,2,0,16,0,2,18,21,0," "]
[{"v":260320494,"d":"26 03 2049 4"},"00","DRK-Krankenhaus Clementinenhaus","Lützerodestraße 1","30161","Hannover","NI",195,{"v":5,"d":"B-5"},"B",0,1,17,8,0,0,8,0,0,0,0,0,0,0,0,0,0,0,0," "]
[{"v":260320531,"d":"26 03 2053 1"},"00","DIAKOVERE Friederikenstift","Humboldtstraße 5","30169","Hannover","NI",562,{"v":14,"d":"B-14"},"H",{"v":9.92,"d":"10"},0,{"v":1592,"d":"1,592"},209,4,2,89,141,9,2,8,2,2,8,0,0,64,46,0," "]
[{"v":260320450,"d":"26 03 2045 0"},"00","Sophienklinik GmbH","Bischofsholer Damm 160","30173","Hannover","NI",117,{"v":5,"d":"B-5"},"B",0,4,157,6,0,0,15,0,0,0,0,0,0,0,0,0,0,0,0," "]
[{"v":260321781,"d":"26 03 2178 1"},"00","KRH Klinikum Siloah","Stadionbrücke  4","30449","Hannover","NI",555,{"v":8,"d":"B-8"},"H",{"v":12.82,"d":"13"},0,{"v":2814,"d":"2,814"},273,5,6,157,185,21,11,45,6,2,52,0,2,47,105,0," "]
[{"v":260320600,"d":"26 03 2060 0"},"00","Vinzenzkrankenhaus Hannover","Lange-Feld-Strasse 31","30559","Hannover","NI",345,{"v":5,"d":"B-5"},"H",{"v":15.31,"d":"15"},0,{"v":2655,"d":"2,655"},279,0,2,179,156,9,2,33,4,10,17,0,0,231,89,0,"X"]
[{"v":260320597,"d":"26 03 2059 7"},"00","Medizinische Hochschule Hannover","Carl-Neuberg-Straße 1","30625","Hannover","NI",{"v":1520,"d":"1,520"},{"v":38,"d":"B-38"},"H",14,0,{"v":2057,"d":"2,057"},334,15,2,279,63,4,2,39,5,11,28,0,0,33,2,0," "]
[{"v":260310539,"d":"26 03 1053 9"},"00","HELIOS St. Marienberg Klinik Helmstedt","Conringstraße 26","38350","Helmstedt","NI",283,{"v":11,"d":"B-11"},"B",0,3,620,99,0,11,113,6,0,0,0,0,0,0,0,0,2,54,0," "]
[{"v":260321714,"d":"26 03 2171 4"},"00","AGAPLESION EVANGELISCHES KRANKENHAUS HOLZMINDEN","Forster Weg  34","37603","Holzminden","NI",183,{"v":10,"d":"B-10"},"B",0,2,229,36,0,2,49,2,4,0,0,0,0,0,0,0,0,14,0," "]
[{"v":260340546,"d":"26 03 4054 6"},"00","Borromäus Hospital Leer gGmbH","Kirchstrasse 61 - 67","26789","Leer","NI",256,{"v":6,"d":"B-6"},"H",{"v":10.65,"d":"11"},0,{"v":2857,"d":"2,857"},296,0,2,251,105,6,0,29,18,8,2,2,0,14,23,0," "]
[{"v":260340557,"d":"26 03 4055 7"},"00","Bonifatius Hospital Lingen","Wilhelmstraße 13","49808","Lingen","NI",401,{"v":14,"d":"B-14"},"H",10,0,{"v":1576,"d":"1,576"},196,2,2,88,155,2,7,19,0,4,18,14,0,21,49,0," "]
[{"v":260340579,"d":"26 03 4057 9"},"00","St. Franziskus-Hospital","Franziskusstr. 6","49393","Lohne","NI",146,{"v":4,"d":"B-4"},"H",{"v":6.6,"d":"7"},0,{"v":1988,"d":"1,988"},138,0,22,169,0,4,2,11,2,4,7,0,0,33,9,0," "]
[{"v":260340568,"d":"26 03 4056 8"},"00","St. Anna Klinik","St. Annenstr. 9","49624","Löningen","NI",111,{"v":8,"d":"B-8"},"H",{"v":5.49,"d":"5"},0,{"v":1718,"d":"1,718"},146,0,2,205,4,11,2,2,2,2,2,0,0,30,19,0," "]
[{"v":260330361,"d":"26 03 3036 1"},"00","Städtisches Klinikum Lüneburg gemeinnützige GmbH","Bögelstraße 1","21339","Lüneburg","NI",510,{"v":10,"d":"B-10"},"H",{"v":16.1,"d":"16"},0,{"v":3408,"d":"3,408"},377,0,0,248,164,29,0,29,6,2,35,12,0,61,80,0," "]
[{"v":260321304,"d":"26 03 2130 4"},"00","Helios Kliniken Mittelweser","Ziegelkampstr. 39","31582","Nienburg","NI",249,{"v":10,"d":"B-10"},"H",{"v":6.1,"d":"6"},0,{"v":1371,"d":"1,371"},87,0,19,77,54,2,0,6,0,2,8,0,0,14,2,0," "]
[{"v":260340671,"d":"26 03 4067 1"},"00","Ubbo-Emmius-Klinik gGmbH, Ostfriesisches Krankenhaus, Klinik Norden","Osterstr.  110","26506","Norden","NI",275,{"v":6,"d":"B-6"},"B",0,2,20,14,0,0,15,0,0,0,0,0,0,0,0,0,0,2,0," "]
[{"v":260340717,"d":"26 03 4071 7"},"00","Helios Klinik Wesermarsch","Mildred-Scheel-Str. 1","26954","Nordenham","NI",98,{"v":5,"d":"B-5"},"H",{"v":2.3,"d":"2"},0,499,54,0,13,36,24,0,0,4,0,4,0,0,0,5,2,0," "]
[{"v":260340739,"d":"26 03 4073 9"},"00","Euregio-Klinik Albert-Schweitzer-Straße GmbH","Albert-Schweitzer-Str. 10","48527","Nordhorn","NI",411,{"v":13,"d":"B-13"},"B",0,1,93,17,0,2,34,2,2,0,0,0,0,0,0,0,0,0,0," "]
[{"v":260310595,"d":"26 03 1059 5"},"00","HELIOS Albert-Schweitzer-Klinik Northeim","Albert-Schweitzer-Weg  1","37154","Northeim","NI",210,{"v":6,"d":"B-6"},"H",{"v":4.9,"d":"5"},0,{"v":1023,"d":"1,023"},107,2,18,138,20,0,2,6,0,2,4,0,0,4,55,0," "]
[{"v":260340740,"d":"26 03 4074 0"},"00","Klinikum Oldenburg AöR","Rahel-Straus-Str. 10","26133","Oldenburg","NI",832,{"v":13,"d":"B-13"},"H",{"v":15.36,"d":"15"},0,{"v":3131,"d":"3,131"},432,4,15,410,50,4,0,60,9,8,46,0,2,230,26,0," "]
[{"v":260340795,"d":"26 03 4079 5"},"00","Paracelsus-Klinik Osnabrück","Am Natruper Holz 69","49076","Osnabrück","NI",164,{"v":11,"d":"B-11"},"B",0,2,720,81,0,5,161,0,2,0,4,0,2,2,0,0,2,2,0," "]
[{"v":260340842,"d":"26 03 4084 2"},"00","Klinikum Osnabrück GmbH","Am Finkenhügel 1","49076","Osnabrück","NI",768,{"v":17,"d":"B-17"},"H",{"v":11.26,"d":"11"},0,{"v":2587,"d":"2,587"},193,0,6,198,44,6,2,17,2,0,2,0,0,36,0,0," "]
[{"v":260341616,"d":"26 03 4161 6"},"00","Marien Hospital Papenburg Aschendorf","Hauptkanal rechts 74-75","26871","Papenburg","NI",275,{"v":9,"d":"B-9"},"B",0,1,93,14,0,0,19,0,0,0,0,0,0,0,0,0,0,0,0," "]
[{"v":260330452,"d":"26 03 3045 2"},"00","AGAPLESION DIAKONIEKLINIKUM ROTENBURG gemeinnützige GmbH","Elise-Averdieck-Str. 17","27356","Rotenburg (Wümme)","NI",714,{"v":8,"d":"B-8"},"H",{"v":8.6,"d":"9"},0,{"v":1353,"d":"1,353"},129,4,2,93,79,2,2,8,0,2,5,0,0,0,34,0," "]
[{"v":260310686,"d":"26 03 1068 6"},"00","HELIOS Klinikum Salzgitter GmbH","Kattowitzer Str. 191","38226","Salzgitter","NI",321,{"v":9,"d":"B-9"},"H",{"v":10.2,"d":"10"},0,{"v":2401,"d":"2,401"},298,4,39,243,137,7,2,21,9,6,16,0,0,25,107,26," "]
[{"v":260340933,"d":"26 03 4093 3"},"00","Hümmling Hospital Sögel gGmbH","Mühlenstraße 17","49751","Sögel","NI",140,{"v":2,"d":"B-2"},"B",0,2,405,25,2,2,49,0,0,0,2,0,0,2,0,0,17,13,0," "]
[{"v":260330500,"d":"26 03 3050 0"},"00","Elbe Klinikum Stade","Bremervörder Straße 111","21682","Stade","NI",571,{"v":6,"d":"B-6"},"H",{"v":9.22,"d":"9"},0,{"v":1830,"d":"1,830"},233,8,4,224,90,0,0,26,2,4,27,0,0,52,85,0," "]
[{"v":260330203,"d":"26 03 3020 3"},"00","Heidekreis-Klinikum GmbH Krankenhaus Walsrode","Robert-Koch-Straße  4","29664","Walsrode","NI",266,{"v":10,"d":"B-10"},"B",0,5,75,45,0,2,32,0,0,0,0,0,0,0,0,0,0,0,0," "]
[{"v":260341444,"d":"26 03 4144 4"},"00","Ammerland-Klinik Westerstede","Lange Straße 38","26655","Westerstede","NI",375,{"v":3,"d":"B-3"},"H",{"v":13.11,"d":"13"},0,{"v":2719,"d":"2,719"},289,0,2,162,170,7,2,25,2,16,9,0,0,75,60,0," "]
[{"v":260341057,"d":"26 03 4105 7"},"00","Krankenhaus Johanneum","Feldstrasse 1","27793","Wildeshausen","NI",126,{"v":2,"d":"B-2"},"B",0,2,81,26,2,2,35,0,0,0,0,0,0,0,0,0,0,9,0," "]
[{"v":260341080,"d":"26 03 4108 0"},"00","Klinikum Wilhelmshaven gGmbH (ehem. RNK Städtische Kliniken gGmbH)","Friedrich-Paffrath-Straße 100","26389","Wilhelmshaven","NI",650,{"v":9,"d":"B-9"},"H",10,0,{"v":1778,"d":"1,778"},201,11,7,168,61,4,0,17,5,4,10,0,0,11,2,0," "]
[{"v":260310766,"d":"26 03 1076 6"},"00","Klinikum Wolfsburg","Sauerbruchstraße 7","38440","Wolfsburg","NI",547,{"v":11,"d":"B-11"},"H",{"v":11.32,"d":"11"},0,{"v":2513,"d":"2,513"},274,0,2,310,33,2,0,33,2,6,32,0,0,26,41,0," "]
[{"$nulls":5},"∑ von 46 Kliniken in Niedersachsen","NI",{"v":19055,"d":"19,055"},{"$nulls":4},{"v":67863,"d":"67,863"},{"v":7724,"d":"7,724"},121,258,{"v":6535,"d":"6,535"},{"v":2812,"d":"2,812"},204,71,660,123,159,485,36,6,{"v":1734,"d":"1,734"},{"v":1493,"d":"1,493"},26,548]
[]
[{"$nulls":5},"in Nordrhein-Westfalen","NW"]
[{"v":260530012,"d":"26 05 3001 2"},"00","Uniklinik RWTH Aachen","Pauwelsstr. 30","52074","Aachen","NW",{"v":1489,"d":"1,489"},{"v":35,"d":"B-35"},"H",{"v":15.51,"d":"16"},0,{"v":1731,"d":"1,731"},161,2,2,140,7,10,2,25,7,6,18,2,2,61,32,32,"X"]
[{"v":260530045,"d":"26 05 3004 5"},"00","Franziskushospital Aachen GmbH","Morillenhang 27","52074","Aachen","NW",145,{"v":4,"d":"B-4"},"B",0,9,936,182,0,2,242,0,0,0,6,0,4,0,2,0,13,0,0," "]
[{"v":260550244,"d":"26 05 5024 4"},"01","Klinikum Westmünsterland St. Marien- Krankenhaus Ahaus","Wüllener Straße 101","48683","Ahaus","NW",290,{"v":1,"d":"B-1"},"H",{"v":8.67,"d":"9"},0,{"v":1413,"d":"1,413"},184,5,2,219,0,9,0,15,4,0,8,4,0,50,52,0," "]
[{"v":260593600,"d":"26 05 9360 0"},"01","Marienhospital Arnsberg","Nordring 37-41","59821","Arnsberg","NW",207,{"v":4,"d":"B-4"},"H",{"v":5.72,"d":"6"},0,{"v":1107,"d":"1,107"},137,2,0,180,0,0,2,14,2,5,10,0,0,9,2,0," "]
[{"v":260550983,"d":"26 05 5098 3"},"00","St. Elisabeth-Hospital Beckum GmbH","Elisabethstraße 10","59269","Beckum","NW",228,{"v":2,"d":"B-2"},"H",5,0,{"v":1226,"d":"1,226"},126,0,0,43,86,0,0,4,2,0,2,0,0,2,6,0," "]
[{"v":260531148,"d":"26 05 3114 8"},"00","Marien-Krankenhaus Bergisch Gladbach","Dr.-Robert-Koch-Str.  18","51465","Bergisch Gladbach","NW",310,{"v":8,"d":"B-8"},"H",{"v":10.54,"d":"11"},0,{"v":2432,"d":"2,432"},223,6,8,132,124,2,0,22,12,0,10,2,0,38,13,0," "]
[{"v":260570044,"d":"26 05 7004 4"},"02","Evangelisches Klinikum Bethel gGmbH - Standort Johannesstift","Schildescher Straße 99","33611","Bielefeld","NW",{"v":1460,"d":"1,460"},{"v":8,"d":"B-8"},"H",{"v":15.8,"d":"16"},0,{"v":2687,"d":"2,687"},252,5,4,179,133,17,7,35,4,6,28,0,0,102,63,0,"X"]
[{"v":260571421,"d":"26 05 7142 1"},"01","Franziskus Hospital Bielefeld","Kiskerstraße 26","33615","Bielefeld","NW",378,{"v":6,"d":"B-6"},"H",{"v":9.9,"d":"10"},0,{"v":2050,"d":"2,050"},266,2,2,267,68,6,0,22,4,2,24,0,0,70,0,0," "]
[{"v":260550266,"d":"26 05 5026 6"},"01","Klinikum Westmünsterland St. Agnes-Hospital Bocholt","Barloer Weg 125","46397","Bocholt","NW",470,{"v":5,"d":"B-5"},"H",{"v":9.6,"d":"10"},0,{"v":1786,"d":"1,786"},256,2,5,283,29,0,2,14,5,4,7,0,0,33,17,0," "]
[{"v":260590106,"d":"26 05 9010 6"},"01","Augusta-Kranken-Anstalt gGmbH Bochum","Bergstraße 26","44791","Bochum","NW",460,{"v":6,"d":"B-6"},"H",{"v":18.45,"d":"18"},0,{"v":3919,"d":"3,919"},387,2,60,466,88,22,7,51,25,6,22,6,0,123,131,0,"X"]
[{"v":260530181,"d":"26 05 3018 1"},"00","Malteser Krankenhaus Seliger Gerhard Bonn/Rhein-Sieg","Von-Hompesch-Str. 1","53123","Bonn","NW",375,{"v":13,"d":"B-13"},"H",{"v":9.51,"d":"10"},0,{"v":2075,"d":"2,075"},321,8,14,311,26,6,4,25,4,0,24,0,0,36,32,0," "]
[{"v":260530103,"d":"26 05 3010 3"},"00","Universitätsklinikum Bonn","Sigmund-Freud-Str. 25","53127","Bonn","NW",{"v":1237,"d":"1,237"},{"v":6,"d":"B-6"},"H",{"v":13.8,"d":"14"},0,{"v":1510,"d":"1,510"},149,2,21,161,31,2,0,35,9,4,21,4,0,33,20,0," "]
[{"v":260530216,"d":"26 05 3021 6"},"00","Johanniter GmbH - Waldkrankenhaus Bonn","Waldstr. 73","53177","Bonn","NW",288,{"v":4,"d":"B-4"},"H",{"v":10.85,"d":"11"},0,{"v":2409,"d":"2,409"},250,7,9,263,7,6,0,19,2,0,20,0,0,118,47,0," "]
[{"v":260551143,"d":"26 05 5114 3"},"00","Knappschaftskrankenhaus Bottrop GmbH","Osterfelder Straße  157","46242","Bottrop","NW",358,{"v":9,"d":"B-9"},"H",{"v":10.5,"d":"11"},0,{"v":2320,"d":"2,320"},228,0,101,195,35,2,0,20,8,2,13,0,0,72,37,0,"X"]
[{"v":260590696,"d":"26 05 9069 6"},"00","Städt. Krankenhaus Maria-Hilf Brilon gGmbH","Am Schönschede 1","59929","Brilon","NW",188,{"v":7,"d":"B-7"},"H, B",1,3,453,76,2,4,98,4,0,0,4,0,2,2,0,0,2,34,0," "]
[{"v":260550596,"d":"26 05 5059 6"},"00","St. Vincenz-Krankenhaus","Rottstraße 11","45711","Datteln","NW",351,{"v":4,"d":"B-4"},"H",10,0,{"v":1821,"d":"1,821"},235,0,2,107,170,2,0,18,2,8,4,0,0,64,48,0," "]
[{"v":260570486,"d":"26 05 7048 6"},"01","Klinikum Lippe Detmold","Röntgenstraße 18","32756","Detmold","NW",632,{"v":9,"d":"B-9"},"H",{"v":12.96,"d":"13"},0,{"v":2778,"d":"2,778"},277,11,4,288,128,15,2,15,9,4,16,2,0,82,44,0," "]
[{"v":260510325,"d":"26 05 1032 5"},"04","Evangelisches Klinikum Niederrhein gGmbH","Kreuzstraße 28","46535","Dinslaken","NW",292,{"v":6,"d":"B-6"},"B",0,3,281,39,0,2,6,35,0,0,0,0,0,0,0,0,5,20,0," "]
[{"v":260590139,"d":"26 05 9013 9"},"02","Klinikum Dortmund Nord","Münsterstraße 240","44145","Dortmund","NW",451,{"v":7,"d":"B-7"},"H",{"v":16.8,"d":"17"},0,{"v":4096,"d":"4,096"},536,17,17,584,34,15,4,43,2,8,36,0,0,185,24,0,"X"]
[{"v":260590208,"d":"26 05 9020 8"},"00","St. Josefs-Hospital","Wilhelm-Schmidt-Str. 4","44263","Dortmund","NW",293,{"v":5,"d":"B-5"},"H",{"v":9.3,"d":"9"},0,{"v":2232,"d":"2,232"},246,0,19,279,16,6,0,19,6,6,10,0,0,30,14,0," "]
[{"v":260591619,"d":"26 05 9161 9"},"01","Knappschaftskrankenhaus Dortmund, Klinikum Westfalen GmbH","Am Knappschaftskrankenhaus 1","44309","Dortmund","NW",451,{"v":7,"d":"B-7"},"H",{"v":11.08,"d":"11"},0,{"v":2458,"d":"2,458"},210,0,4,321,5,4,2,21,2,10,16,0,0,70,33,0,"X"]
[{"v":260510256,"d":"26 05 1025 6"},"02","Helios St. Marien Klinik","Grunewaldstr. 96","47053","Duisburg","NW",389,{"v":4,"d":"B-4"},"H",{"v":10.7,"d":"11"},0,{"v":2417,"d":"2,417"},278,4,26,271,20,4,2,27,6,2,23,6,0,19,7,2," "]
[{"v":260530660,"d":"26 05 3066 0"},"00","Krankenhaus Düren gem. GmbH","Roonstraße 30","52351","Düren","NW",449,{"v":9,"d":"B-9"},"H",{"v":12.9,"d":"13"},0,{"v":2588,"d":"2,588"},277,2,40,150,180,4,0,29,6,13,27,6,2,9,23,0," "]
[{"v":260510018,"d":"26 05 1001 8"},"00","Universitätsklinikum Düsseldorf","Moorenstraße 5","40225","Düsseldorf","NW",{"v":1303,"d":"1,303"},{"v":15,"d":"B-15"},"H",{"v":15.59,"d":"16"},0,{"v":1936,"d":"1,936"},240,2,5,200,0,10,2,37,7,13,24,0,0,83,9,0,"X"]
[{"v":260510143,"d":"26 05 1014 3"},"00","Paracelsus Klinik Düsseldorf Golzheim","Friedrich-Lau-Strasse 11","40474","Düsseldorf","NW",85,{"v":1,"d":"B-1"},"H",{"v":13.7,"d":"14"},0,{"v":3903,"d":"3,903"},668,0,22,694,9,4,0,40,12,21,5,0,0,45,85,0," "]
[{"v":260510096,"d":"26 05 1009 6"},"00","Marien Hospital Düsseldorf GmbH","Rochusstr. 2","40479","Düsseldorf","NW",461,{"v":5,"d":"B-5"},"H",{"v":8.3,"d":"8"},0,{"v":1614,"d":"1,614"},175,0,2,230,71,4,0,20,4,10,10,0,0,6,0,0," "]
[{"v":260531035,"d":"26 05 3103 5"},"01","St. Josef Krankenhaus","Wohlandstraße 30","51766","Engelskirchen","NW",245,{"v":5,"d":"B-5"},"H",{"v":8.52,"d":"9"},0,{"v":1747,"d":"1,747"},272,4,2,248,12,4,2,18,6,5,8,0,0,6,8,0," "]
[{"v":260530966,"d":"26 05 3096 6"},"00","Hermann-Josef-Krankenhaus","Tenholter Straße 43","41812","Erkelenz","NW",409,{"v":8,"d":"B-8"},"H",{"v":10.4,"d":"10"},0,{"v":2395,"d":"2,395"},184,4,2,256,0,2,0,24,2,11,7,0,0,19,18,0," "]
[{"v":260591334,"d":"26 05 9133 4"},"02","Marien-Hospital","Von-Droste-Straße 14","59597","Erwitte","NW",95,{"v":1,"d":"B-1"},"H",{"v":9.2,"d":"9"},0,{"v":2091,"d":"2,091"},254,0,51,346,0,0,5,34,8,7,17,5,0,45,16,0," "]
[{"v":260530604,"d":"26 05 3060 4"},"00","St.-Antonius-Hospital","Dechant-Deckers-Str. 8","52249","Eschweiler","NW",398,{"v":11,"d":"B-11"},"H",{"v":11.03,"d":"11"},0,{"v":2221,"d":"2,221"},204,12,2,337,0,4,7,23,5,2,26,0,0,60,95,0," "]
[{"v":260510508,"d":"26 05 1050 8"},"01","Kliniken Essen-Mitte Evang. Huyssens-Stiftung 01","Henricistraße 92","45136","Essen","NW",509,{"v":3,"d":"B-3"},"H",{"v":15.04,"d":"15"},0,{"v":2400,"d":"2,400"},304,2,63,227,145,6,0,37,15,4,25,12,2,161,2,0,"X"]
[{"v":260510381,"d":"26 05 1038 1"},"00","Universitätsklinikum Essen","Hufelandstr. 55","45147","Essen","NW",{"v":1260,"d":"1,260"},{"v":13,"d":"B-13"},"H",{"v":20.13,"d":"20"},0,{"v":1877,"d":"1,877"},274,11,36,281,45,8,4,51,16,4,41,20,0,34,58,0,"X"]
[{"v":260510494,"d":"26 05 1049 4"},"00","Alfried Krupp Krankenhaus Steele","Hellweg 100","45276","Essen","NW",320,{"v":6,"d":"B-6"},"H",{"v":11.65,"d":"12"},0,{"v":2765,"d":"2,765"},335,2,8,348,45,20,4,29,4,14,17,0,0,201,12,0,"X"]
[{"v":260512021,"d":"26 05 1202 1"},"02","Katholisches Klinikum Essen - Marienhospital Altenessen","Hospitalstraße 24","45329","Essen","NW",307,{"v":1,"d":"B-1"},"H",{"v":10.05,"d":"10"},0,{"v":1597,"d":"1,597"},130,0,2,113,38,2,2,6,4,0,11,2,0,7,0,0," "]
[{"v":260530784,"d":"26 05 3078 4"},"00","St.-Katharinen-Hospital GmbH","Kapellenstr. 1-5","50226","Frechen","NW",431,{"v":8,"d":"B-8"},"H",{"v":6.73,"d":"7"},0,{"v":1727,"d":"1,727"},173,0,0,188,13,2,0,9,2,2,4,0,0,7,0,0," "]
[{"v":260510984,"d":"26 05 1098 4"},"00","St.-Clemens-Hospital Geldern","Clemensstraße 6","47608","Geldern","NW",312,{"v":7,"d":"B-7"},"H",{"v":6.6,"d":"7"},0,{"v":1654,"d":"1,654"},150,0,2,226,4,2,2,7,2,2,2,0,0,9,12,0," "]
[{"v":260550095,"d":"26 05 5009 5"},"00","Marienhospital Gelsenkirchen GmbH","Virchowstr. 122","45886","Gelsenkirchen","NW",579,{"v":8,"d":"B-8"},"H",{"v":9.29,"d":"9"},0,{"v":1847,"d":"1,847"},184,5,4,164,54,0,2,8,2,4,4,0,0,8,89,0," "]
[{"v":260551154,"d":"26 05 5115 4"},"00","Bergmannsheil und Kinderklinik Buer GmbH","Schernerweg 4","45894","Gelsenkirchen","NW",336,{"v":8,"d":"B-8"},"H",{"v":6.9,"d":"7"},0,{"v":1381,"d":"1,381"},91,0,2,97,10,0,2,6,2,4,4,0,0,9,0,0," "]
[{"v":260550621,"d":"26 05 5062 1"},"02","St. Barbara-Hospital","Barbarastr. 1","45964","Gladbeck","NW",343,{"v":7,"d":"B-7"},"H",{"v":10.18,"d":"10"},0,{"v":2335,"d":"2,335"},276,5,16,61,161,2,0,20,2,9,9,2,0,43,127,122,"X"]
[{"v":260550313,"d":"26 05 5031 3"},"00","St. Antonius-Hospital Gronau GmbH","Möllenweg 22","48599","Gronau","NW",266,{"v":7,"d":"B-7"},"H",{"v":19.8,"d":"20"},0,{"v":2911,"d":"2,911"},224,2,2,107,158,2,2,27,4,4,18,0,0,{"v":1135,"d":"1,135"},84,0,"X"]
[{"v":260570113,"d":"26 05 7011 3"},"00","Klinikum Gütersloh","Reckenberger Str. 19","33332","Gütersloh","NW",474,{"v":12,"d":"B-12"},"H",{"v":8.89,"d":"9"},0,{"v":1846,"d":"1,846"},226,0,2,241,2,4,0,26,4,2,22,0,2,67,33,0," "]
[{"v":260500481,"d":"26 05 0048 1"},"00","AGAPLESION ALLGEMEINES KRANKENHAUS HAGEN gem. GmbH","Grünstr. 35","58095","Hagen","NW",534,{"v":8,"d":"B-8"},"H",{"v":10.4,"d":"10"},0,{"v":2438,"d":"2,438"},323,5,2,252,0,2,6,21,4,2,19,0,0,67,70,0," "]
[{"v":260592084,"d":"26 05 9208 4"},"02","St. Josef-Krankenhaus, Hamm Bockum-Hövel","Albert-Struck-Strasse 1","59075","Hamm-Bockum-Hovel","NW",250,{"v":7,"d":"B-7"},"H",{"v":11.2,"d":"11"},0,{"v":3178,"d":"3,178"},224,2,65,80,232,2,2,27,2,4,30,0,0,32,58,0," "]
[{"v":260570306,"d":"26 05 7030 6"},"00","Klinikum Herford","Schwarzenmoorstraße 70","32049","Herford","NW",755,{"v":8,"d":"B-8"},"H",{"v":11.5,"d":"12"},0,{"v":2370,"d":"2,370"},338,4,2,339,28,2,2,20,2,4,18,0,0,21,28,0," "]
[{"v":260590457,"d":"26 05 9045 7"},"01","Marien Hospital Herne, Klinikum der Ruhr-Universität Bochum","Hölkeskampring 40","44625","Herne","NW",535,{"v":16,"d":"B-16"},"H, H",{"v":31.05,"d":"31"},0,{"v":5641,"d":"5,641"},555,7,12,417,52,18,17,97,38,2,75,2,0,510,116,0,"X"]
[{"v":260570351,"d":"26 05 7035 1"},"01","St. Ansgar Krankenhaus Höxter","Brenkhäuser Str. 71","37671","Höxter","NW",396,{"v":10,"d":"B-10"},"H",6,0,{"v":1181,"d":"1,181"},80,0,0,106,2,6,0,8,2,0,5,0,0,8,33,0," "]
[{"v":260551381,"d":"26 05 5138 1"},"01","St. Elisabeth-Krankenhaus","Große Str. 41","49477","Ibbenbüren","NW",295,{"v":4,"d":"B-4"},"H",{"v":6.83,"d":"7"},0,{"v":1798,"d":"1,798"},136,5,0,201,20,6,2,17,4,9,5,0,2,13,2,0," "]
[{"v":260593030,"d":"26 05 9303 0"},"01","Katholische Kliniken im Märkischen Kreis - St. Elisabeth Hospital","Hochstraße 63","58638","Iserlohn","NW",231,{"v":4,"d":"B-4"},"H",8,0,{"v":2078,"d":"2,078"},264,20,0,374,0,5,8,27,2,4,28,0,0,15,26,0," "]
[{"v":260511348,"d":"26 05 1134 8"},"00","Hospital zum Heiligen Geist Kempen GmbH & Co. KG","von-Broichhausen-Allee 1","47906","Kempen","NW",279,{"v":3,"d":"B-3"},"H",{"v":4.47,"d":"4"},0,{"v":1189,"d":"1,189"},159,0,4,208,2,0,2,15,6,4,2,0,0,7,2,0," "]
[{"v":260511031,"d":"26 05 1103 1"},"00","Katholisches-Karl-Leisner-Klinikum gGmbH  Standort St.-Antonius-Hospital","Albersallee 5-7","47533","Kleve","NW",356,{"v":9,"d":"B-9"},"H",{"v":9.75,"d":"10"},0,{"v":2192,"d":"2,192"},229,0,5,251,30,0,2,14,0,4,11,0,0,28,33,0," "]
[{"v":260531741,"d":"26 05 3174 1"},"01","Kliniken Köln gGmbH - Kinderkrankenhaus Amsterdamer Straße","Amsterdamer Straße 59","50735","Köln","NW",204,{"v":2,"d":"B-2"},"H",{"v":22.41,"d":"22"},0,{"v":4329,"d":"4,329"},0,0,0,0,0,0,0,0,4,8,2,10,0,0,0,0," "]
[{"v":260530396,"d":"26 05 3039 6"},"00","Heilig Geist-Krankenhaus","Graseggerstr. 105","50737","Köln","NW",291,{"v":5,"d":"B-5"},"H",{"v":12.62,"d":"13"},0,{"v":2830,"d":"2,830"},283,9,7,344,68,50,2,22,7,6,13,0,0,65,25,0,"X"]
[{"v":260531898,"d":"26 05 3189 8"},"00","Malteser Krankenhaus St. Hildegardis","Bachemer Straße 29-33","50931","Köln","NW",233,{"v":6,"d":"B-6"},"H",{"v":8.88,"d":"9"},0,{"v":1762,"d":"1,762"},167,2,5,117,70,9,0,26,8,4,13,2,0,8,28,0," "]
[{"v":260530476,"d":"26 05 3047 6"},"00","St. Elisabeth-Krankenhaus Köln GmbH","Werthmannstr. 1","50935","Köln","NW",392,{"v":5,"d":"B-5"},"H",{"v":12.96,"d":"13"},0,{"v":2722,"d":"2,722"},346,54,4,369,77,46,0,25,10,2,19,4,0,148,21,7,"X"]
[{"v":260530283,"d":"26 05 3028 3"},"00","Universitätsklinikum Köln","Kerpener Straße 62","50937","Köln","NW",{"v":1455,"d":"1,455"},{"v":11,"d":"B-11"},"H",{"v":15.16,"d":"15"},0,{"v":2487,"d":"2,487"},343,2,5,215,55,11,0,59,9,8,54,8,0,231,38,0," "]
[{"v":260530318,"d":"26 05 3031 8"},"00","Kliniken der Stadt Köln gGmbH - Krankenhaus Holweide","Neufelder Straße 32","51067","Köln","NW",407,{"v":7,"d":"B-7"},"H",{"v":12.18,"d":"12"},0,{"v":2777,"d":"2,777"},255,13,7,332,43,4,7,35,10,2,34,0,2,32,10,0," "]
[{"v":260510575,"d":"26 05 1057 5"},"01","HELIOS Klinikum Krefeld","Lutherplatz 40","47805","Krefeld","NW",{"v":1023,"d":"1,023"},{"v":28,"d":"B-28"},"H",{"v":13.2,"d":"13"},0,{"v":2132,"d":"2,132"},194,2,31,201,0,2,2,34,4,11,21,2,0,93,26,0," "]
[{"v":260510611,"d":"26 05 1061 1"},"00","[2017-10-02 11:07:06] Alexianer Krefeld GmbH - Krankenhaus Maria-Hilf","Diessemer Bruch 81","47805","Krefeld","NW",554,{"v":6,"d":"B-6"},"H",{"v":11.55,"d":"12"},0,{"v":1816,"d":"1,816"},175,0,7,157,68,0,0,23,0,5,14,4,0,21,11,0," "]
[{"v":260510586,"d":"26 05 1058 6"},"00","Malteser Krankenhaus St. Josefshospital Uerdingen","Kurfürstenstraße 69","47829","Krefeld","NW",262,{"v":10,"d":"B-10"},"H",{"v":10.2,"d":"10"},0,{"v":1406,"d":"1,406"},130,0,0,138,38,2,0,10,2,2,5,0,0,21,0,0,"X"]
[{"v":260511111,"d":"26 05 1111 1"},"00","St. Martinus Krankenhaus","Klosterstrasse 32","40764","Langenfeld","NW",185,{"v":7,"d":"B-7"},"B",0,2,448,101,2,0,122,0,0,0,0,0,0,0,0,0,4,50,0," "]
[{"v":260591107,"d":"26 05 9110 7"},"02","St. Josefs-Hospital Lennestadt","Uferstr. 7","57368","Lennestadt","NW",187,{"v":4,"d":"B-4"},"B",0,2,575,80,0,0,95,0,0,0,0,0,0,0,0,0,0,16,0," "]
[{"v":260530579,"d":"26 05 3057 9"},"00","Klinikum Leverkusen gGmbH","Am Gesundheitspark 11","51375","Leverkusen","NW",740,{"v":14,"d":"B-14"},"H",{"v":11.61,"d":"12"},0,{"v":2663,"d":"2,663"},427,5,2,460,78,11,2,18,2,2,19,2,0,119,0,0,"X"]
[{"v":260570681,"d":"26 05 7068 1"},"01","Krankenhaus Lübbecke-Rahden, Betriebsstelle Lübbecke","Virchowstraße 65","32312","Lübbecke","NW",494,{"v":9,"d":"B-9"},"H",{"v":7.42,"d":"7"},0,{"v":1942,"d":"1,942"},201,7,6,147,72,0,0,15,2,0,13,0,0,13,10,0," "]
[{"v":260590969,"d":"26 05 9096 9"},"00","Klinikum Lüdenscheid, Märkische Kliniken GmbH","Paulmannshöher Straße 14","58515","Lüdenscheid","NW",908,{"v":15,"d":"B-15"},"H",{"v":7.88,"d":"8"},0,{"v":1704,"d":"1,704"},250,2,2,314,5,2,6,20,9,6,10,0,0,7,29,0," "]
[{"v":260551837,"d":"26 05 5183 7"},"03","Marien-Hospital Marl","Hervester Straße 57","45768","Marl","NW",293,{"v":7,"d":"B-7"},"H",{"v":13.81,"d":"14"},0,{"v":2887,"d":"2,887"},358,2,6,379,2,6,7,33,10,2,36,0,0,56,9,0,"X"]
[{"v":260530900,"d":"26 05 3090 0"},"01","Krankenhaus Mechernich","St. Elisabethstr. 2-6","53894","Mechernich","NW",418,{"v":8,"d":"B-8"},"H",{"v":7.9,"d":"8"},0,{"v":2154,"d":"2,154"},144,0,8,115,43,2,0,10,0,6,8,0,0,2,22,0," "]
[{"v":260570692,"d":"26 05 7069 2"},"00","Johannes Wesling Klinikum Minden","Hans-Nolte-Str. 1","32429","Minden","NW",879,{"v":19,"d":"B-19"},"H",{"v":9.72,"d":"10"},0,{"v":2316,"d":"2,316"},272,6,23,313,27,7,12,19,2,2,28,0,0,65,87,16," "]
[{"v":260511509,"d":"26 05 1150 9"},"01","St. Josef Krankenhaus GmbH Moers - Betriebsstätte St. Josef Krankenhaus Moers","Asberger Str. 4","47441","Moers","NW",375,{"v":5,"d":"B-5"},"H",{"v":9.45,"d":"9"},0,{"v":2407,"d":"2,407"},335,0,2,310,50,5,4,23,10,2,12,2,0,27,52,0," "]
[{"v":260510666,"d":"26 05 1066 6"},"02","Krankenhaus St. Franziskus","Viersener Straße 450","41063","Mönchengladbach","NW",499,{"v":9,"d":"B-9"},"H",{"v":17.23,"d":"17"},0,{"v":4338,"d":"4,338"},436,0,4,442,32,4,0,29,6,12,14,0,2,66,90,16," "]
[{"v":260510644,"d":"26 05 1064 4"},"00","Städtische Kliniken Mönchengladbach GmbH","Hubertusstraße 100","41239","Mönchengladbach","NW",537,{"v":8,"d":"B-8"},"H",10,0,{"v":2210,"d":"2,210"},230,6,2,297,0,5,8,36,19,0,31,8,0,38,0,0," "]
[{"v":260550175,"d":"26 05 5017 5"},"00","Ludgerus-Kliniken Münster GmbH / Raphaelsklinik","Loerstraße 23","48143","Münster","NW",275,{"v":10,"d":"B-10"},"B",0,4,{"v":1189,"d":"1,189"},174,2,27,208,0,4,0,13,8,4,10,0,0,40,2,0," "]
[{"v":260550131,"d":"26 05 5013 1"},"00","Universitätsklinikum Münster","Domagkstr. 5","48149","Münster","NW",{"v":1457,"d":"1,457"},{"v":38,"d":"B-38"},"H",{"v":16.08,"d":"16"},0,{"v":2696,"d":"2,696"},294,2,39,227,2,17,11,56,18,21,36,2,2,191,7,0,"X"]
[{"v":260550153,"d":"26 05 5015 3"},"00","Herz-Jesu-Krankenhaus Hiltrup GmbH","Westfalenstr. 109","48165","Münster","NW",355,{"v":8,"d":"B-8"},"H",{"v":12.51,"d":"13"},0,{"v":2321,"d":"2,321"},290,2,14,308,12,4,5,37,8,6,39,0,2,47,18,0," "]
[{"v":260511781,"d":"26 05 1178 1"},"00","Städtische Kliniken Neuss - Lukaskrankenhaus - GmbH","Preußenstraße  84","41464","Neuss","NW",537,{"v":9,"d":"B-9"},"H",10,0,{"v":2606,"d":"2,606"},301,4,4,417,0,13,7,27,2,28,0,6,0,64,44,0," "]
[{"v":260510815,"d":"26 05 1081 5"},"00","Evangelisches Krankenhaus Oberhausen GmbH","Virchowstraße 20","46047","Oberhausen","NW",452,{"v":12,"d":"B-12"},"H",{"v":6.19,"d":"6"},0,{"v":1574,"d":"1,574"},143,9,2,192,4,2,0,25,4,4,17,0,0,15,10,0," "]
[{"v":260510325,"d":"26 05 1032 5"},"02","Evangelisches Klinikum Niederrhein gGmbH","Steinbrinkstraße 96a","46145","Oberhausen","NW",361,{"v":3,"d":"B-3"},"H",{"v":14.44,"d":"14"},0,{"v":3313,"d":"3,313"},526,0,16,570,0,0,2,38,14,9,22,8,0,135,29,0,"X"]
[{"v":260570124,"d":"26 05 7012 4"},"03","Marienhospital Oelde","Spellerstraße 16","59302","Oelde","NW",185,{"v":4,"d":"B-4"},"B",0,3,826,85,0,53,159,0,0,0,0,0,0,0,0,0,0,2,0," "]
[{"v":260570885,"d":"26 05 7088 5"},"00","Brüderkrankenhaus St. Josef Paderborn","Husener Str. 46","33098","Paderborn","NW",382,{"v":4,"d":"B-4"},"H",{"v":11.05,"d":"11"},0,{"v":2765,"d":"2,765"},218,13,18,349,17,6,0,20,5,10,9,0,0,62,8,0," "]
[{"v":260550701,"d":"26 05 5070 1"},"00","Prosper-Hospital gGmbH","Mühlenstraße 27","45659","Recklinghausen","NW",463,{"v":8,"d":"B-8"},"H",{"v":12.45,"d":"12"},0,{"v":2178,"d":"2,178"},245,2,9,128,115,2,10,36,4,2,41,0,0,84,21,0,"X"]
[{"v":260550905,"d":"26 05 5090 5"},"01","Klinikum Rheine / Mathias-Spital Rheine","Frankenburgstrasse 31","48431","Rheine","NW",481,{"v":8,"d":"B-8"},"H",{"v":8.14,"d":"8"},0,{"v":1798,"d":"1,798"},160,7,0,74,146,0,2,15,5,4,7,0,0,15,27,0," "]
[{"v":260590583,"d":"26 05 9058 3"},"00","HELIOS Klinikum Schwelm","Dr.-Moeller-Straße 15","58332","Schwelm","NW",401,{"v":3,"d":"B-3"},"H",{"v":10.3,"d":"10"},0,{"v":1648,"d":"1,648"},173,0,27,173,23,4,0,15,2,4,9,0,0,14,27,0," "]
[{"v":260593085,"d":"26 05 9308 5"},"02","Diakonie Klinikum Ev. Jung-Stilling-Krankenhaus","Wichernstraße 40","57074","Siegen","NW",407,{"v":10,"d":"B-10"},"H",{"v":9.9,"d":"10"},0,{"v":1851,"d":"1,851"},198,2,6,192,11,10,0,15,6,0,10,0,0,53,2,0," "]
[{"v":260591221,"d":"26 05 9122 1"},"00","Kreisklinikum Siegen GmbH","Weidenauer Straße 76","57076","Siegen","NW",595,{"v":12,"d":"B-12"},"H",8,0,{"v":1705,"d":"1,705"},195,0,0,0,0,0,0,20,11,0,7,2,0,30,0,0," "]
[{"v":260510871,"d":"26 05 1087 1"},"00","Städtisches Klinikum Solingen gemeinnützige GmbH","Gotenstraße 1","42653","Solingen","NW",658,{"v":8,"d":"B-8"},"H",{"v":12.51,"d":"13"},0,{"v":2417,"d":"2,417"},165,142,6,162,186,7,2,28,7,5,14,0,0,23,69,0," "]
[{"v":260531364,"d":"26 05 3136 4"},"01","GFO Kliniken Troisdorf, Betriebsstätte St. Josef Troisdorf","Hospitalstraße  45","53840","Troisdorf","NW",321,{"v":7,"d":"B-7"},"H",{"v":10.06,"d":"10"},0,{"v":2828,"d":"2,828"},445,2,14,418,49,4,0,22,5,11,9,0,0,71,52,0," "]
[{"v":260591539,"d":"26 05 9153 9"},"00","Katharinen-Hospital - gGmbH","Obere Husemannstrasse 2","59423","Unna","NW",340,{"v":10,"d":"B-10"},"B",0,1,58,17,0,5,0,0,0,0,0,0,0,0,0,0,0,0,0," "]
[{"v":260512032,"d":"26 05 1203 2"},"00","Helios Klinikum Niederberg","Robert-Koch-Straße 2","42549","Velbert","NW",473,{"v":2,"d":"B-2"},"H",{"v":12.1,"d":"12"},0,{"v":2112,"d":"2,112"},241,11,0,183,118,2,2,18,2,6,11,2,0,42,28,0," "]
[{"v":260511428,"d":"26 05 1142 8"},"00","Allgemeines Krankenhaus Viersen GmbH","Hoserkirchweg 63","41747","Viersen","NW",325,{"v":6,"d":"B-6"},"H",{"v":7.4,"d":"7"},0,{"v":1777,"d":"1,777"},125,2,2,200,0,7,0,15,2,14,4,0,0,10,20,0," "]
[{"v":260570384,"d":"26 05 7038 4"},"00","[NEU] HELIOS Klinikum Warburg GmbH","Hüffertstraße 50","34414","Warburg","NW",153,{"v":6,"d":"B-6"},"B",0,2,513,47,0,7,64,0,0,0,0,0,0,0,0,0,0,0,0," "]
[{"v":260551132,"d":"26 05 5113 2"},"00","Josephs-Hospital Warendorf","Am Krankenhaus 2","48231","Warendorf","NW",261,{"v":7,"d":"B-7"},"B",0,2,672,60,2,5,73,2,0,0,0,0,0,0,0,0,23,19,0," "]
[{"v":260511554,"d":"26 05 1155 4"},"00","Marien-Hospital Wesel gGmbH","Pastor-Janßen-Straße 8-38","46483","Wesel","NW",427,{"v":14,"d":"B-14"},"G",0,0,{"v":1799,"d":"1,799"},93,85,0,211,0,0,0,19,8,0,9,2,0,71,102,0," "]
[{"v":260590652,"d":"26 05 9065 2"},"00","Ev. Krankenhaus Witten gGmbH","Pferdebachstraße 27","58455","Witten","NW",302,{"v":2,"d":"B-2"},"H",{"v":9.85,"d":"10"},0,{"v":2530,"d":"2,530"},180,9,2,268,17,2,0,18,6,10,4,0,0,13,51,0," "]
[{"v":260510906,"d":"26 05 1090 6"},"01","HELIOS Klinikum Wuppertal GmbH","Heusnerstr. 40","42283","Wuppertal","NW",923,{"v":15,"d":"B-15"},"H",{"v":17.2,"d":"17"},0,{"v":3458,"d":"3,458"},336,27,96,462,55,2,6,34,8,4,24,6,2,43,53,0," "]
[{"v":260531661,"d":"26 05 3166 1"},"02","Betriebsteil Bardenberg","Dr. Hans Böckler Platz 1","52146","Würselen","NW",577,{"v":4,"d":"B-4"},"H",{"v":9.3,"d":"9"},0,{"v":1758,"d":"1,758"},205,2,2,213,14,7,2,15,2,6,7,0,0,50,37,0,"X"]
[{"$nulls":5},"∑ von 94 Kliniken in Nordrhein-Westfalen","NW",{"v":44402,"d":"44,402"},{"$nulls":4},{"v":199334,"d":"199,334"},{"v":21611,"d":"21,611"},608,{"v":1136,"d":"1,136"},{"v":21895,"d":"21,895"},{"v":3858,"d":"3,858"},508,208,{"v":2074,"d":"2,074"},523,471,{"v":1423,"d":"1,423"},147,20,{"v":5984,"d":"5,984"},{"v":2867,"d":"2,867"},195,{"v":4344,"d":"4,344"}]
[]
[{"$nulls":5},"in Rheinland-Pfalz","RP"]
[{"v":260710327,"d":"26 07 1032 7"},"01","DRK Krankenhaus Altenkirchen-Hachenburg (AK)","Leuzbacher Weg 21","57610","Altenkirchen","RP",160,{"v":8,"d":"B-8"},"B",0,2,352,16,0,5,29,0,0,0,0,0,0,0,0,0,0,0,0," "]
[{"v":260730376,"d":"26 07 3037 6"},"00","DRK Krankenhaus Alzey","Kreuznacher Straße 7-9","55232","Alzey","RP",145,{"v":9,"d":"B-9"},"B",0,1,90,35,0,0,39,0,0,0,0,0,0,0,0,0,0,0,0," "]
[{"v":260710748,"d":"26 07 1074 8"},"00","St. Nikolaus-Stiftshospital GmbH Andernach","Ernestus-Platz 1","56626","Andernach","RP",257,{"v":7,"d":"B-7"},"B",0,2,560,41,0,7,49,0,2,0,6,0,7,0,0,0,20,0,0," "]
[{"v":260730991,"d":"26 07 3099 1"},"03","Klinikum Landau-Südliche Weinstraße - Klinik Bad Bergzabern","Danziger Straße 25","76887","Bad Bergzabern","RP",171,{"v":5,"d":"B-5"},"B",0,1,274,40,0,0,51,2,2,0,0,0,0,0,0,0,0,8,0," "]
[{"v":260711260,"d":"26 07 1126 0"},"00","Paracelsus-Klinik Bad Ems","Taunusallee 7-11","56130","Bad Ems","RP",140,{"v":7,"d":"B-7"},"B",0,2,410,59,0,13,80,0,0,0,0,0,0,0,0,0,7,0,0," "]
[{"v":260711636,"d":"26 07 1163 6"},"01","Diakonie Krankenhaus kreuznacher diakonie","Ringstraße 64","55543","Bad Kreuznach","RP",392,{"v":5,"d":"B-5"},"B",0,4,{"v":1146,"d":"1,146"},82,0,2,130,0,0,0,0,0,0,0,0,0,0,54,0," "]
[{"v":260710087,"d":"26 07 1008 7"},"01","Krankenhaus Maria Hilf","Dahlienweg 3-5","53474","Bad Neuenahr-Ahrweiler","RP",361,{"v":6,"d":"B-6"},"H",{"v":4.96,"d":"5"},0,{"v":1159,"d":"1,159"},145,0,5,185,17,6,0,11,4,0,6,0,0,22,4,0," "]
[{"v":260720330,"d":"26 07 2033 0"},"02","Cusanus Krankenhaus Bernkastel-Kues","Karl-Binz-Weg 12","54470","Bernkastel-Kues","RP",121,{"v":3,"d":"B-3"},"B",0,2,149,54,0,2,55,0,0,0,0,0,0,0,0,0,0,23,0," "]
[{"v":260730559,"d":"26 07 3055 9"},"00","Heilig-Geist-Hospital Bingen gGmbH","Kapuzinerstr. 15-17","55411","Bingen","RP",173,{"v":9,"d":"B-9"},"B",0,1,189,25,0,0,30,0,0,0,0,0,0,0,0,0,0,11,0," "]
[{"v":260720307,"d":"26 07 2030 7"},"01","Marienhaus Klinikum Eifel - Standort Bitburg","Krankenhausstraße 1","54634","Bitburg","RP",272,{"v":9,"d":"B-9"},"B",0,4,{"v":1196,"d":"1,196"},97,2,5,102,0,0,0,0,0,0,0,0,0,2,2,0," "]
[{"v":260710715,"d":"26 07 1071 5"},"00","Marienkrankenhaus Cochem","Avallonstraße 32","56812","Cochem","RP",140,{"v":3,"d":"B-3"},"B",0,2,658,69,0,5,70,0,0,0,0,0,0,0,0,0,9,2,0," "]
[{"v":260720216,"d":"26 07 2021 6"},"00","Krankenhaus Maria Hilf GmbH","Maria-Hilf-Strasse 2","54550","Daun","RP",232,{"v":4,"d":"B-4"},"H",{"v":2.05,"d":"2"},0,795,64,2,2,70,2,0,0,6,0,2,2,0,0,5,20,0," "]
[{"v":260710862,"d":"26 07 1086 2"},"01","Evangelisches  Krankenhaus, Betriebsstätte Dierdorf","Hachenburger Str. 16","56269","Dierdorf","RP",85,{"v":4,"d":"B-4"},"H",{"v":1.24,"d":"1"},0,958,63,0,4,63,0,0,0,0,0,0,0,0,0,4,0,0," "]
[{"v":260700041,"d":"26 07 0004 1"},"00","St. Vincenz-Krankenhaus Diez","Adelheidstraße 2","65582","Diez","RP",121,{"v":5,"d":"B-5"},"B",0,1,16,8,0,0,8,0,0,0,0,0,0,0,0,0,0,0,0," "]
[{"v":260710646,"d":"26 07 1064 6"},"00","Klinikum Idar-Oberstein GmbH","Dr.-Ottmar-Kohler-Straße 2","55743","Idar-Oberstein","RP",528,{"v":3,"d":"B-3"},"H",{"v":6.13,"d":"6"},0,{"v":1567,"d":"1,567"},136,2,6,138,0,0,0,12,2,2,9,0,0,2,16,0," "]
[{"v":260730025,"d":"26 07 3002 5"},"01","Westpfalz-Klinikum GmbH - Standort I Kaiserslautern","Hellmut-Hartert-Straße  1","67655","Kaiserslautern","RP",924,{"v":12,"d":"B-12"},"H",{"v":11.82,"d":"12"},0,{"v":2465,"d":"2,465"},226,9,5,108,173,9,2,25,0,14,25,0,0,16,64,0," "]
[{"v":260710350,"d":"26 07 1035 0"},"00","DRK Krankenhaus Kirchen","Bahnhofstraße 24","57548","Kirchen","RP",305,{"v":5,"d":"B-5"},"B",0,3,539,50,0,0,84,0,2,0,0,0,0,0,0,0,0,22,0," "]
[{"v":260711965,"d":"26 07 1196 5"},"00","BundeswehrZentralkrankenhaus Koblenz","Rübenacher Straße 170","56072","Koblenz","RP",506,{"v":11,"d":"B-11"},"H",11,0,878,142,2,20,28,89,0,2,19,7,4,7,0,0,67,31,0,"X"]
[{"v":260700109,"d":"26 07 0010 9"},"01","Gemeinschaftsklinikum Mittelrhein gGmbH / Kemperhof","Koblenzer Straße 115-155","56073","Koblenz","RP",520,{"v":10,"d":"B-10"},"H",{"v":11.86,"d":"12"},0,{"v":2281,"d":"2,281"},335,0,2,224,84,2,8,31,9,8,18,2,0,31,48,0," "]
[{"v":260730081,"d":"26 07 3008 1"},"00","Vinzentius-Krankenhaus Landau","Cornichonstraße 4","76829","Landau","RP",399,{"v":5,"d":"B-5"},"H",{"v":8.25,"d":"8"},0,{"v":1603,"d":"1,603"},94,0,5,99,2,2,0,0,0,0,0,0,0,0,7,0," "]
[{"v":260730116,"d":"26 07 3011 6"},"00","Klinikum der Stadt Ludwigshafen am Rhein gGmbH","Bremserstr. 79","67063","Ludwigshafen","RP",963,{"v":7,"d":"B-7"},"H",{"v":15.74,"d":"16"},0,{"v":3693,"d":"3,693"},375,12,70,384,59,8,0,40,6,0,34,0,0,154,47,0,"X"]
[{"v":260730161,"d":"26 07 3016 1"},"00","Universitätsmedizin der Johannes Gutenberg-Universität Mainz","Langenbeckstraße 1","55131","Mainz","RP",{"v":1662,"d":"1,662"},{"v":53,"d":"B-53"},"H",{"v":21.96,"d":"22"},0,{"v":4107,"d":"4,107"},556,7,2,513,53,19,7,78,15,8,68,8,0,185,99,0,"X"]
[{"v":260730183,"d":"26 07 3018 3"},"01","Katholisches Klinikum Mainz, Standort: St. Vincenz und Elisabeth Hospital","An der Goldgrube 11","55131","Mainz","RP",717,{"v":13,"d":"B-13"},"B",0,3,241,101,0,6,108,2,0,0,0,0,0,2,0,0,2,2,0," "]
[{"v":260700109,"d":"26 07 0010 9"},"03","Gemeinschaftsklinikum Mittelrhein, St. Elisabeth Mayen","Siegfriedstr. 20-22","56727","Mayen","RP",251,{"v":9,"d":"B-9"},"B",0,2,337,30,0,0,27,0,0,0,0,0,0,0,0,0,0,5,0," "]
[{"v":260711852,"d":"26 07 1185 2"},"03","Brüderkrankenhaus Montabaur","Koblenzer Straße 11-13","56410","Montabaur","RP",164,{"v":2,"d":"B-2"},"H",{"v":8.3,"d":"8"},0,{"v":1557,"d":"1,557"},138,0,5,103,85,0,0,6,0,0,0,0,0,24,0,0," "]
[{"v":260730229,"d":"26 07 3022 9"},"00","Marienhaus Klinikum Hetzelstift","Stiftstraße 10","67434","Neustadt an der Weinstraße","RP",366,{"v":9,"d":"B-9"},"H",{"v":9.4,"d":"9"},0,{"v":1459,"d":"1,459"},115,0,2,165,0,0,0,18,2,9,10,0,2,26,25,0,"X"]
[{"v":260711658,"d":"26 07 1165 8"},"01","Marienhaus Klinikum St. Elisabeth Neuwied","Friedrich-Ebert-Straße 59","56564","Neuwied","RP",429,{"v":5,"d":"B-5"},"H",7,0,{"v":1438,"d":"1,438"},209,10,5,246,2,4,0,25,2,15,7,0,0,37,10,0," "]
[{"v":260730263,"d":"26 07 3026 3"},"00","Städtisches Krankenhaus Pirmasens gGmbH","Pettenkoferstraße 22","66955","Pirmasens","RP",413,{"v":14,"d":"B-14"},"H",{"v":5.04,"d":"5"},0,840,82,2,2,98,15,0,2,8,0,2,4,0,0,20,9,0," "]
[{"v":260720249,"d":"26 07 2024 9"},"00","Kreiskrankenhaus St. Franziskus Saarburg GmbH","Graf-Siegfried-Str. 115","54439","Saarburg","RP",209,{"v":3,"d":"B-3"},"B",0,1,265,35,0,0,42,0,0,0,0,0,0,0,0,0,0,0,0," "]
[{"v":260710997,"d":"26 07 1099 7"},"00","Hunsrück Klinik kreuznacher diakonie","Holzbacher Straße 1","55469","Simmern","RP",264,{"v":2,"d":"B-2"},"B",0,2,394,39,2,2,62,0,0,0,0,0,0,0,0,0,0,33,0," "]
[{"v":260730310,"d":"26 07 3031 0"},"00","Sankt Vincentius Krankenhaus","Holzstraße 4a","67346","Speyer","RP",219,{"v":7,"d":"B-7"},"H",{"v":12.47,"d":"12"},0,{"v":2472,"d":"2,472"},213,0,2,191,23,2,0,28,6,9,12,0,0,38,21,0,"X"]
[{"v":260720443,"d":"26 07 2044 3"},"00","Krankenhaus der Barmherzigen Brüder Trier","Nordallee 1","54292","Trier","RP",632,{"v":14,"d":"B-14"},"H",{"v":10.97,"d":"11"},0,{"v":2539,"d":"2,539"},294,6,7,395,5,4,0,32,2,18,23,0,0,59,56,0," "]
[{"v":260730321,"d":"26 07 3032 1"},"00","Klinikum Worms gGmbH","Gabriel-von-Seidl-Str. 81","67550","Worms","RP",696,{"v":7,"d":"B-7"},"H",{"v":13.39,"d":"13"},0,{"v":3341,"d":"3,341"},420,9,2,396,0,22,7,21,5,0,21,0,0,88,84,0,"X"]
[{"v":260730478,"d":"26 07 3047 8"},"02","Nardini Klinikum St. Elisabeth Zweibrücken","Kaiserstrasse 14","66482","Zweibrücken","RP",286,{"v":7,"d":"B-7"},"B",0,2,126,10,0,2,21,0,0,0,0,0,0,0,0,0,0,2,0," "]
[{"$nulls":5},"∑ von 34 Kliniken in Rheinland-Pfalz","RP",{"v":13223,"d":"13,223"},{"$nulls":4},{"v":40094,"d":"40,094"},{"v":4398,"d":"4,398"},65,195,{"v":4393,"d":"4,393"},613,84,28,366,60,98,248,10,2,818,705,0,630]
[]
[{"$nulls":5},"im Saarland","SL"]
[{"v":261000386,"d":"26 10 0038 6"},"00","Universitätsklinikum des Saarlandes","Kirrberger Straße 100","66424","Homburg","SL",{"v":1202,"d":"1,202"},{"v":36,"d":"B-36"},"H",{"v":23.9,"d":"24"},0,{"v":2779,"d":"2,779"},283,8,2,229,0,4,10,52,5,2,62,2,0,331,75,0,"X"]
[{"v":261000990,"d":"26 10 0099 0"},"00","Diakonie Klinikum Neunkirchen gemeinnützige GmbH","Brunnenstraße 20","66538","Neunkirchen","SL",275,{"v":8,"d":"B-8"},"H, B",{"v":6.75,"d":"7"},3,{"v":1482,"d":"1,482"},152,0,4,70,124,6,0,8,2,0,4,0,0,4,15,0," "]
[{"v":261000934,"d":"26 10 0093 4"},"01","CaritasKlinikum Saarbrücken Standort St. Theresia","Rheinstraße 2","66113","Saarbrücken","SL",371,{"v":5,"d":"B-5"},"B",0,4,333,103,0,2,125,2,0,0,0,0,0,0,0,0,0,16,0," "]
[{"v":261000013,"d":"26 10 0001 3"},"00","Klinikum Saarbrücken","Winterberg  1","66119","Saarbrücken","SL",568,{"v":9,"d":"B-9"},"H",{"v":9.24,"d":"9"},0,{"v":2102,"d":"2,102"},135,0,2,97,35,4,0,21,0,6,14,0,0,65,16,0," "]
[{"v":261000320,"d":"26 10 0032 0"},"00","Krankenhaus Saarlouis vom DRK","Vaubanstraße 25","66740","Saarlouis","SL",201,{"v":6,"d":"B-6"},"B",0,3,543,91,0,0,115,2,0,0,0,0,0,0,0,0,0,14,0," "]
[{"v":261000477,"d":"26 10 0047 7"},"00","Knappschaftsklinikum Saar GmbH, Krankenhaus Sulzbach","An der Klinik 10","66280","Sulzbach","SL",264,{"v":3,"d":"B-3"},"H",{"v":10.4,"d":"10"},0,{"v":2359,"d":"2,359"},299,9,2,74,302,15,2,48,2,14,29,2,0,35,67,0," "]
[{"v":261000126,"d":"26 10 0012 6"},"00","SHG-Kliniken Völklingen","Richardstraße 5-9","66333","Völklingen","SL",357,{"v":5,"d":"B-5"},"H",{"v":12.96,"d":"13"},0,{"v":3357,"d":"3,357"},380,0,4,341,27,11,5,49,8,27,23,2,0,99,68,0,"X"]
[{"$nulls":5},"∑ von 7 Kliniken im Saarland","SL",{"v":3238,"d":"3,238"},{"$nulls":4},{"v":12955,"d":"12,955"},{"v":1443,"d":"1,443"},17,16,{"v":1051,"d":"1,051"},492,40,17,178,17,49,132,6,0,534,271,0,646]
[]
[{"$nulls":5},"in Sachsen","SN"]
[{"v":261401381,"d":"26 14 0138 1"},"00","Helios Klinikum Aue","Gartenstraße  6","08280","Aue","SN",580,{"v":3,"d":"B-3"},"H",{"v":15.1,"d":"15"},0,{"v":2842,"d":"2,842"},414,2,13,256,242,2,2,26,2,8,24,0,0,59,65,0]
[{"v":261401041,"d":"26 14 0104 1"},"00","Oberlausitz-Kliniken gGmbH / Krankenhaus Bautzen","Am Stadtwall 3","02625","Bautzen","SN",415,{"v":1,"d":"B-1"},"H",{"v":7.51,"d":"8"},0,{"v":1385,"d":"1,385"},165,7,2,206,0,8,2,11,2,2,12,0,0,9,0,0]
[{"v":261401063,"d":"26 14 0106 3"},"01","Sana Kliniken Leipziger Land GmbH - Klinikum Borna","Rudolf-Virchow-Straße 2","04552","Borna","SN",422,{"v":8,"d":"B-8"},"H",{"v":7.61,"d":"8"},0,{"v":1866,"d":"1,866"},296,0,4,223,33,4,2,26,6,4,17,4,0,62,53,0]
[{"v":261400197,"d":"26 14 0019 7"},"00","Zeisigwaldkliniken Bethanien Chemnitz","Zeisigwaldstraße 101","09130","Chemnitz","SN",300,{"v":4,"d":"B-4"},"H",{"v":16.12,"d":"16"},0,{"v":4647,"d":"4,647"},635,11,9,676,62,6,7,42,4,20,20,4,0,49,120,0]
[{"v":261430046,"d":"26 14 3004 6"},"00","Klinikum Döbeln","Sörmitzer Straße 10","04720","Döbeln","SN",195,{"v":5,"d":"B-5"},"B",0,1,276,48,0,0,44,5,0,0,0,0,0,0,0,0,2,0,0]
[{"v":261400949,"d":"26 14 0094 9"},"01","Städtisches Klinikum Dresden - Standort Friedrichstadt","Friedrichstr. 41","01067","Dresden","SN",{"v":1537,"d":"1,537"},{"v":5,"d":"B-5"},"H",{"v":10.38,"d":"10"},0,{"v":2097,"d":"2,097"},202,0,2,218,33,2,0,22,2,22,22,0,0,33,35,0]
[{"v":261400040,"d":"26 14 0004 0"},"01","Diakonissenkrankenhaus Dresden","Holzhofgasse 29","01099","Dresden","SN",220,{"v":6,"d":"B-6"},"H",{"v":9.3,"d":"9"},0,{"v":2229,"d":"2,229"},180,50,0,249,14,4,0,13,2,2,15,0,0,35,14,0]
[{"v":261401030,"d":"26 14 0103 0"},"00","Universitätsklinikum Carl Gustav Carus Dresden an der Technischen Universität Dresden, Anstalt des ö","Fetscherstraße 74","01307","Dresden","SN",{"v":1295,"d":"1,295"},{"v":8,"d":"B-8"},"H",{"v":26.7,"d":"27"},0,{"v":5529,"d":"5,529"},722,2,6,395,205,18,15,65,16,7,71,0,0,440,85,0,"X"]
[{"v":261400972,"d":"26 14 0097 2"},"01","Kreiskrankenhaus Freiberg","Donatsring 20","09599","Freiberg","SN",335,{"v":4,"d":"B-4"},"H",{"v":7.55,"d":"8"},0,{"v":1564,"d":"1,564"},250,0,2,101,87,2,0,17,7,4,6,0,0,37,35,0]
[{"v":261400734,"d":"26 14 0073 4"},"00","Malteser Krankenhaus St. Carolus","Carolusstraße 212","02827","Görlitz","SN",120,{"v":4,"d":"B-4"},"H",{"v":7.54,"d":"8"},0,{"v":1879,"d":"1,879"},226,8,9,255,44,5,0,4,2,2,4,0,0,8,20,0]
[{"v":261401267,"d":"26 14 0126 7"},"00","Städtisches Klinikum Görlitz gGmbH","Girbigsdorfer Straße 1-3","02828","Görlitz","SN",550,{"v":13,"d":"B-13"},"H",{"v":6.75,"d":"7"},0,{"v":1133,"d":"1,133"},161,0,2,149,48,2,2,21,4,2,15,0,0,26,16,0]
[{"v":261400563,"d":"26 14 0056 3"},"01","Muldentalkliniken GmbH, Gemeinnützige Gesellschaft Standort Grimma","Kleiststraße 5","04668","Grimma","SN",177,{"v":2,"d":"B-2"},"B",0,3,270,91,0,0,91,2,0,0,0,0,0,0,0,0,0,19,0]
[{"v":261400621,"d":"26 14 0062 1"},"00","Lausitzer Seenland Klinikum GmbH","Maria-Grollmuß-Straße 10","02977","Hoyerswerda","SN",440,{"v":6,"d":"B-6"},"H",6,0,{"v":1955,"d":"1,955"},281,2,2,325,5,2,0,8,2,4,4,0,0,10,120,0]
[{"v":261401052,"d":"26 14 0105 2"},"00","Universitätsklinikum Leipzig Anstalt öffentlichen Rechts","Liebigstraße 18","04103","Leipzig","SN",{"v":1345,"d":"1,345"},{"v":18,"d":"B-18"},"H",{"v":14.38,"d":"14"},0,{"v":2214,"d":"2,214"},230,0,53,148,95,9,0,30,2,10,17,0,0,385,45,0,"X"]
[{"v":261400530,"d":"26 14 0053 0"},"00","Klinikum St. Georg gGmbH","Delitzscher Straße 141","04129","Leipzig","SN",{"v":1030,"d":"1,030"},{"v":18,"d":"B-18"},"H",{"v":17.25,"d":"17"},0,{"v":3939,"d":"3,939"},520,8,2,663,75,4,8,44,2,23,38,0,0,82,30,0]
[{"v":261401290,"d":"26 14 0129 0"},"00","Ev. Diakonissenkrankenhaus Leipzig gGmbH","Gerorg-Schwarz Straße 49","04177","Leipzig","SN",250,{"v":5,"d":"B-5"},"B",0,3,616,19,0,0,46,2,0,0,0,0,0,0,0,0,0,6,0]
[{"v":261401212,"d":"26 14 0121 2"},"00","St. Elisabeth-Krankenhaus Leipzig","Biedermannstraße 84","04277","Leipzig","SN",340,{"v":7,"d":"B-7"},"H",{"v":12.05,"d":"12"},0,{"v":3063,"d":"3,063"},423,5,2,322,221,6,0,23,2,4,19,0,0,82,2,0]
[{"v":261420055,"d":"26 14 2005 5"},"00","ELBLANDKLINIKEN Stiftung &amp; Co. KG, ELBLANDKLINIKUM Meißen","Nassauweg 7","01662","Meißen","SN",355,{"v":10,"d":"B-10"},"B",0,2,27,6,0,2,7,0,2,0,0,0,0,0,0,0,0,0,0]
[{"v":261400892,"d":"26 14 0089 2"},"00","Helios Klinikum Pirna","Struppener Straße 13","01796","Pirna","SN",390,{"v":4,"d":"B-4"},"H",{"v":8.6,"d":"9"},0,{"v":1679,"d":"1,679"},196,2,6,168,78,11,0,11,2,0,13,0,0,20,11,0]
[{"v":261410315,"d":"26 14 1031 5"},"00","HELIOS Vogtland-Klinikum Plauen","Röntgenstraße 2","08529","Plauen","SN",653,{"v":8,"d":"B-8"},"H",{"v":10.2,"d":"10"},0,{"v":2051,"d":"2,051"},259,2,2,222,2,2,0,13,4,8,2,0,0,21,32,0]
[{"v":261400119,"d":"26 14 0011 9"},"00","Paracelsus Klinik - Reichenbach","Plauensche Straße 37","08468","Reichenbach","SN",182,{"v":5,"d":"B-5"},"H",5,0,{"v":1292,"d":"1,292"},124,2,4,57,190,4,0,18,2,4,9,0,0,22,19,0]
[{"v":261400687,"d":"26 14 0068 7"},"00","ELBLANDKLINIKEN Stiftung &amp; Co. KG, ELBLANDKLINIKUM Riesa","Weinbergstraße 8","01589","Riesa","SN",330,{"v":10,"d":"B-10"},"H",{"v":7.88,"d":"8"},0,{"v":1521,"d":"1,521"},248,2,6,193,67,6,0,22,5,2,14,0,0,19,29,0]
[{"v":261430013,"d":"26 14 3001 3"},"00","Kreiskrankenhaus Johann Kentmann gGmbH","Christianistr.  1","04860","Torgau","SN",230,{"v":9,"d":"B-9"},"B",0,1,73,2,0,0,2,0,0,0,0,0,0,0,0,0,0,0,0]
[{"v":261400379,"d":"26 14 0037 9"},"01","Heinrich-Braun-Klinikum gemeinnützige GmbH, Standort Zwickau","Karl-Keil-Straße 35","08060","Zwickau","SN",819,{"v":25,"d":"B-25"},"H",{"v":10.05,"d":"10"},0,{"v":2327,"d":"2,327"},317,2,2,197,166,6,2,21,9,0,10,0,4,29,29,0]
[{"$nulls":5},"∑ von 24 Kliniken inSachsen","SN",{"v":12510,"d":"12,510"},{"$nulls":4},{"v":46474,"d":"46,474"},{"v":6015,"d":"6,015"},105,130,{"v":5213,"d":"5,213"},{"v":1676,"d":"1,676"},105,40,437,77,128,332,8,4,{"v":1430,"d":"1,430"},785,0,688]
[]
[{"$nulls":5},"in Sachsen-Anhallt","ST"]
[{"v":261500358,"d":"26 15 0035 8"},"01","AMEOS Klinikum Aschersleben-Staßfurt GmbH","Eislebener Straße 7a","06449","Aschersleben","ST",272,{"v":8,"d":"B-8"},"H",{"v":7.08,"d":"7"},0,{"v":1655,"d":"1,655"},247,2,2,232,26,2,2,21,2,2,19,0,0,18,33,0," "]
[{"v":261500256,"d":"26 15 0025 6"},"01","Gesundheitszentrum Bitterfeld/Wolfen gGmbH","Friedrich-Ludwig-Jahn-Str- 2","06749","Bitterfeld-Wolfen","ST",397,{"v":1,"d":"B-1"},"B",0,1,54,10,0,0,6,0,0,0,0,0,0,0,0,0,0,0,0," "]
[{"v":261510043,"d":"26 15 1004 3"},"00","Dessau-Roßlau","Gropiusallee 3","06846","Dessau-Roßlau","ST",165,{"v":2,"d":"B-2"},"H",{"v":13.08,"d":"13"},0,{"v":2954,"d":"2,954"},252,14,2,369,56,11,0,26,2,10,22,0,0,99,2,0," "]
[{"v":261530252,"d":"26 15 3025 2"},"00","AMEOS Klinikum Halberstadt","Gleimstraße 5","38820","Halberstadt","ST",453,{"v":4,"d":"B-4"},"H",{"v":7.5,"d":"8"},0,{"v":1544,"d":"1,544"},172,0,2,218,0,2,0,19,2,10,9,0,0,29,27,0," "]
[{"v":261501008,"d":"26 15 0100 8"},"00","AMEOS Klinikum Haldensleben","Kiefhozstraße 27","39340","Haldensleben","ST",263,{"v":5,"d":"B-5"},"H",{"v":6.03,"d":"6"},0,971,148,0,2,119,4,0,0,15,5,4,6,0,0,22,35,0," "]
[{"v":261500314,"d":"26 15 0031 4"},"00","Diakoniekrankenhaus Halle","Mühlweg 7","06114","Halle (Saale)","ST",199,{"v":9,"d":"B-9"},"B",0,0,301,2,0,0,0,0,0,0,0,0,0,0,0,0,0,0,0," "]
[{"v":261500702,"d":"26 15 0070 2"},"00","Universitätsklinikum Halle (Saale)","Ernst-Grube-Straße 40","06120","Halle (Saale)","ST",982,{"v":25,"d":"B-25"},"H",{"v":23.9,"d":"24"},0,{"v":3077,"d":"3,077"},178,5,23,201,64,4,2,33,4,14,16,2,0,111,96,0," "]
[{"v":261500768,"d":"26 15 0076 8"},"00","Krankenhaus Martha-Maria Halle-Dölau","Röntgenstraße  1","06120","Halle (Saale)","ST",512,{"v":9,"d":"B-9"},"H",{"v":9.32,"d":"9"},0,{"v":1600,"d":"1,600"},213,2,5,110,115,2,5,25,2,6,34,6,2,47,15,0,"X"]
[{"v":261500586,"d":"26 15 0058 6"},"00","Helios Klinik Köthen GmbH","Hallesche Straße 29","06366","Köthen (Anhalt)","ST",264,{"v":1,"d":"B-1"},"B",0,0,149,19,0,2,22,0,0,0,0,0,0,0,0,0,0,2,0," "]
[{"v":261500882,"d":"26 15 0088 2"},"01","Helios Klinik Lutherstadt Eisleben","Hohetorstraße 25","06295","Lutherstadt Eisleben","ST",247,{"v":5,"d":"B-5"},"H",{"v":7.6,"d":"8"},0,{"v":1631,"d":"1,631"},160,2,12,148,62,4,4,8,0,2,9,0,2,12,65,0," "]
[{"v":261500611,"d":"26 15 0061 1"},"00","Paul Gerhardt Diakonie Krankenhaus und Pflege GmbH","Paul-Gerhardt-Straße 42-45","06886","Lutherstadt Wittenberg","ST",335,{"v":8,"d":"B-8"},"H",{"v":7.74,"d":"8"},0,{"v":1829,"d":"1,829"},172,2,2,196,37,0,0,8,4,0,5,0,0,17,9,0," "]
[{"v":261530183,"d":"26 15 3018 3"},"00","Krankenhaus St. Marienstift Magdeburg GmbH","Harsdorfer Straße 30","39110","Magdeburg","ST",169,{"v":10,"d":"B-10"},"B, H",{"v":4.51,"d":"5"},3,{"v":1049,"d":"1,049"},231,4,0,52,2,0,0,21,2,8,13,0,0,14,49,0," "]
[{"v":261500289,"d":"26 15 0028 9"},"00","Universitätsklinikum Magdeburg A. ö. R.","Leipziger Straße 44","39120","Magdeburg","ST",{"v":1087,"d":"1,087"},{"v":17,"d":"B-17"},"H",{"v":11.18,"d":"11"},0,{"v":1597,"d":"1,597"},155,0,2,158,2,10,2,17,9,2,16,2,0,51,46,0," "]
[{"v":261500597,"d":"26 15 0059 7"},"00","KLINIKUM MAGDEBURG gemeinnützige GmbH","Birkenallee 34","39130","Magdeburg","ST",793,{"v":19,"d":"B-19"},"H",{"v":10.26,"d":"10"},0,{"v":1983,"d":"1,983"},247,2,7,154,106,4,2,26,4,10,24,2,0,91,69,0,"X"]
[{"v":261500461,"d":"26 15 0046 1"},"01","Carl-von-Basedow-Klinikum Saalekreis gGmbH","Weiße Mauer  52","06217","Merseburg","ST",421,{"v":11,"d":"B-11"},"H",{"v":4.6,"d":"5"},0,904,119,0,0,102,47,2,0,6,2,2,4,0,0,16,27,0," "]
[{"v":261500132,"d":"26 15 0013 2"},"00","HELIOS Bördeklinik","Kreiskrankenhaus 4","39387","Oschersleben / OT Neindorf","ST",184,{"v":5,"d":"B-5"},"H",6,0,889,106,0,2,125,9,2,2,11,2,4,6,0,0,13,13,0," "]
[{"v":261500290,"d":"26 15 0029 0"},"02","Altmark Klinikum Salzwedel","Brunnenstraße 1","29410","Salzwedel","ST",212,{"v":8,"d":"B-8"},"B",0,1,26,8,0,0,5,4,0,0,0,0,0,0,0,0,0,0,0," "]
[{"v":261500030,"d":"26 15 0003 0"},"01","Johanniter-Krankenhaus Stendal","Wendstraße 31","39576","Stendal","ST",421,{"v":11,"d":"B-11"},"H",{"v":7.92,"d":"8"},0,{"v":1589,"d":"1,589"},176,5,0,166,0,2,0,13,0,22,2,0,0,6,21,0," "]
[{"v":261520023,"d":"26 15 2002 3"},"00","Asklepios Klinik Weißenfels","Naumburger Straße 76","06667","Weißenfels","ST",410,{"v":10,"d":"B-10"},"H",{"v":7.01,"d":"7"},0,{"v":1366,"d":"1,366"},206,0,0,156,59,2,0,22,2,7,17,0,0,4,15,0," "]
[{"v":261500984,"d":"26 15 0098 4"},"02","Harzklinikum Dorothea Christiane Erxleben, Standort Wernigerode","Ilsenburger Straße 15","38855","Wernigerode","ST",356,{"v":10,"d":"B-10"},"B",0,1,11,8,0,0,7,0,0,0,0,0,0,0,0,0,0,0,0," "]
[{"$nulls":5},"∑ von 20 Kliniken in Sachsen-Anhalt","ST",{"v":8142,"d":"8,142"},{"$nulls":4},{"v":25179,"d":"25,179"},{"v":2829,"d":"2,829"},38,63,{"v":2546,"d":"2,546"},593,47,19,271,42,103,202,12,4,550,524,0," "]
[{"$nulls":29}," "]
[{"$nulls":5},"in Schleswig-Holstein","SH",{"$nulls":22}," "]
[{"v":260102036,"d":"26 01 0203 6"},"00","Asklepios Klinik Bad Oldesloe","Schützenstaße 55","23843","Bad Oldesloe","SH",173,{"v":6,"d":"B-6"},"B",0,2,272,112,0,2,118,0,0,0,0,0,0,0,0,0,0,0,0," "]
[{"v":260100693,"d":"26 01 0069 3"},"00","Helios Agnes Karll Krankenhaus Bad Schwartau","Am Hochkamp  21","23611","Bad Schwartau","SH",77,{"v":9,"d":"B-9"},"B",0,5,709,123,0,0,107,0,4,0,0,0,0,0,0,0,0,9,0," "]
[{"v":260101126,"d":"26 01 0112 6"},"03","AK SEGEBERGER KLINIKEN GMBH","Krankenhausstraße 2","23795","Bad Segeberg","SH",192,{"v":4,"d":"B-4"},"H",{"v":5.5,"d":"6"},0,879,66,0,2,42,37,2,2,8,2,4,2,0,0,11,32,0," "]
[{"v":260101865,"d":"26 01 0186 5"},"02","Westküstenklinikum Brunsbüttel","Delbrückstrasse 2","25541","Brunsbüttel","SH",117,{"v":6,"d":"B-6"},"B",0,2,158,46,0,2,43,8,0,0,0,0,0,0,0,0,0,14,0," "]
[{"v":260100875,"d":"26 01 0087 5"},"01","imland GmbH - imland Klinik Eckernförde","Schleswiger Str. 114-116","24340","Eckernförde","SH",194,{"v":8,"d":"B-8"},"B",0,2,202,39,0,0,43,0,0,0,0,0,0,0,0,0,0,4,0," "]
[{"v":260100739,"d":"26 01 0073 9"},"02","Regio Kliniken GmbH - Klinikum Elmshorn","Agnes-Karll-Allee 17","25337","Elmshorn","SH",476,{"v":9,"d":"B-9"},"H",{"v":7.58,"d":"8"},0,{"v":1916,"d":"1,916"},272,2,2,197,92,13,0,26,2,10,11,0,0,41,46,0," "]
[{"v":260100626,"d":"26 01 0062 6"},"01","Sana Kliniken Ostholstein GmbH - Klinik Eutin","Hospitalstraße 22","23701","Eutin","SH",227,{"v":9,"d":"B-9"},"B",0,1,96,34,0,2,44,0,0,0,0,0,0,0,0,0,0,0,0," "]
[{"v":260100023,"d":"26 01 0002 3"},"01","Diakonissenkrankenhaus Flensburg","Knuthstr. 1","24939","Flensburg","SH",537,{"v":5,"d":"B-5"},"H",{"v":10.65,"d":"11"},0,{"v":2620,"d":"2,620"},171,166,37,375,8,4,0,16,2,4,12,0,0,66,6,0," "]
[{"v":260101865,"d":"26 01 0186 5"},"01","Westküstenklinikum Heide","Esmarchstraße 50","25746","Heide","SH",630,{"v":12,"d":"B-12"},"B",0,2,23,2,0,0,2,0,0,0,0,0,0,0,0,0,0,0,0," "]
[{"v":260100476,"d":"26 01 0047 6"},"01","Klinikum Nordfriesland gGmbH, Klinik Husum","Erichsenweg 16","25813","Husum","SH",277,{"v":2,"d":"B-2"},"B",0,1,21,8,2,2,12,0,0,0,0,0,0,0,0,0,0,0,0," "]
[{"v":260101137,"d":"26 01 0113 7"},"00","Klinikum Itzehoe","Robert-Koch-Str. 2","25524","Itzehoe","SH",708,{"v":9,"d":"B-9"},"H",{"v":11.24,"d":"11"},0,{"v":2352,"d":"2,352"},271,2,12,237,62,9,2,18,2,12,4,0,0,32,76,0," "]
[{"v":260101024,"d":"26 01 0102 4"},"03","Margarethen Klinik gemeinnützige GmbH","Konsul-Lorentzen-Straße 3","24376","Kappeln","SH",16,{"v":4,"d":"B-4"},"B",0,1,167,30,0,0,43,0,0,0,0,0,0,0,0,0,0,0,0," "]
[{"v":260100170,"d":"26 01 0017 0"},"02","Sankt Elisabeth Krankenhaus Kiel","Königsweg 8","24103","Kiel","SH",48,{"v":2,"d":"B-2"},"B",0,1,23,4,0,0,7,0,0,0,0,0,0,0,0,0,0,0,0," "]
[{"v":260102343,"d":"26 01 0234 3"},"00","UNIVERSITÄTSKLINIKUM Schleswig-Holstein, Campus Kiel","Arnold-Heller-Straße 3","24105","Kiel","SH",{"v":1107,"d":"1,107"},{"v":25,"d":"B-25"},"H",{"v":12.75,"d":"13"},0,{"v":2037,"d":"2,037"},208,2,0,134,44,16,2,31,4,16,17,0,0,88,13,0,"X"]
[{"v":260102230,"d":"26 01 0223 0"},"00","HELIOS Klinik Kiel","Hamburger Chaussee 77","24113","Kiel","SH",38,{"v":4,"d":"B-4"},"B",0,5,381,95,0,26,123,2,2,0,0,0,0,0,0,0,13,4,0," "]
[{"v":260100089,"d":"26 01 0008 9"},"00","Städtisches Krankenhaus Kiel GmbH","Chemnitzstr. 33","24116","Kiel","SH",718,{"v":7,"d":"B-7"},"H",6,0,{"v":1351,"d":"1,351"},244,2,6,241,0,0,5,21,5,4,18,0,2,14,50,0," "]
[{"v":260100272,"d":"26 01 0027 2"},"00","Kath. Marien-Krankenhaus Lübeck gemeinnützige GmbH","Parade  3","23552","Lübeck","SH",55,{"v":6,"d":"B-6"},"B",0,2,112,43,0,0,53,0,0,0,0,0,0,0,0,0,0,5,0," "]
[{"v":260102423,"d":"26 01 0242 3"},"01","Sana Kliniken Lübeck GmbH, Krankenhaus Süd","Kronsforder Allee 71-73","23560","Lübeck","SH",389,{"v":11,"d":"B-11"},"H",{"v":3.18,"d":"3"},0,{"v":1242,"d":"1,242"},182,0,2,154,78,4,0,13,5,0,8,0,0,35,9,0," "]
[{"v":260102354,"d":"26 01 0235 4"},"00","UNIVERSITÄTSKLINIKUM Schleswig-Holstein, Campus Lübeck","Ratzeburger Allee 160","23562","Lübeck","SH",{"v":1049,"d":"1,049"},{"v":21,"d":"B-21"},"H",{"v":13.36,"d":"13"},0,{"v":2017,"d":"2,017"},254,2,4,191,57,25,5,31,7,13,9,0,0,49,43,0,"X"]
[{"v":260101488,"d":"26 01 0148 8"},"00","FEK - Friedrich-Ebert-Krankenhaus Neumünster GmbH","Friesenstraße 11","24534","Neumünster","SH",638,{"v":11,"d":"B-11"},"H",{"v":6.9,"d":"7"},0,{"v":1573,"d":"1,573"},252,11,4,235,48,2,6,14,2,5,9,4,0,4,24,0," "]
[{"v":260101809,"d":"26 01 0180 9"},"00","Schön Klinik Neustadt","Am Kiebitzberg 10","23730","Neustadt in Holstein","SH",357,{"v":3,"d":"B-3"},"B",0,2,61,42,0,2,14,26,0,0,0,0,0,0,0,0,0,0,0," "]
[{"v":260100626,"d":"26 01 0062 6"},"02","Sana Kliniken Ostholstein GmbH - Klinik Oldenburg","Mühlenkamp 5","23758","Oldenburg","SH",140,{"v":8,"d":"B-8"},"B",0,1,132,45,0,0,46,0,0,0,0,0,0,0,0,0,0,0,0," "]
[{"v":260100820,"d":"26 01 0082 0"},"00","Klinik Preetz","Am Krankenhaus 5","24306","Plön","SH",171,{"v":2,"d":"B-2"},"B",0,2,95,18,17,6,47,0,0,0,0,0,0,0,0,0,0,0,0," "]
[{"v":260100454,"d":"26 01 0045 4"},"00","DRK-Krankenhaus Mölln-Ratzeburg gGmbH","Röpersberg 2","23909","Ratzeburg","SH",158,{"v":4,"d":"B-4"},"B",0,1,90,14,0,2,19,2,0,0,0,0,0,0,0,0,0,0,0," "]
[{"v":260101193,"d":"26 01 0119 3"},"00","Krankenhaus Reinbek St. Adolf-Stift GmbH","Hamburger Straße 41","21465","Reinbek","SH",351,{"v":6,"d":"B-6"},"H",0,0,118,14,2,0,19,0,0,0,0,0,0,0,0,0,0,0,0," "]
[{"v":260100875,"d":"26 01 0087 5"},"02","imland GmbH - imland Klinik Rendsburg","Lileinstr. 20-28","24768","Rendsburg","SH",590,{"v":11,"d":"B-11"},"H",9,0,{"v":1965,"d":"1,965"},273,15,11,254,66,0,0,27,2,4,15,0,0,25,31,0," "]
[{"v":260100911,"d":"26 01 0091 1"},"00","HELIOS Klinik Schleswig GmbH","St. Jürgener Straße 1-3","24837","Schleswig","SH",376,{"v":4,"d":"B-4"},"B",0,1,251,46,2,34,79,0,0,0,0,0,0,0,0,0,0,16,0," "]
[{"v":260100557,"d":"26 01 0055 7"},"00","Asklepios Nordseeklinik Westerland/Sylt","Norderstr. 81","25980","Sylt/OT Westerland","SH",95,{"v":3,"d":"B-3"},"B",0,1,85,18,0,4,22,0,0,0,0,0,0,0,0,0,0,0,0," "]
[{"$nulls":5},"∑ von 28 Kliniken in Schleswig-Holstein","SH",{"v":9904,"d":"9,904"},{"$nulls":4},{"v":20948,"d":"20,948"},{"v":2926,"d":"2,926"},225,162,{"v":2901,"d":"2,901"},530,81,22,205,33,72,105,4,2,378,382,0,240]
[]
[{"$nulls":5},"in Thüringen","TH"]
[{"v":261600521,"d":"26 16 0052 1"},"01","Hufeland Klinikum GmbH, Standort Bad Langensalza","Rudolph-Weiss-Straße 1-5","99947","Bad Langensalza","TH",241,{"v":7,"d":"B-7"},"H",{"v":5.71,"d":"6"},0,{"v":1143,"d":"1,143"},75,2,0,160,15,2,2,4,2,0,8,0,0,18,11,0," "]
[{"v":261600371,"d":"26 16 0037 1"},"00","HELIOS Klinik Blankenhain","Wirthstraße 5","99444","Blankenhain","TH",146,{"v":4,"d":"B-4"},"H",{"v":9.1,"d":"9"},0,{"v":2253,"d":"2,253"},217,0,24,220,24,8,2,8,2,0,6,2,0,31,59,0," "]
[{"v":261601123,"d":"26 16 0112 3"},"00","Eisenach","Mühlhäuser Straße 94","99817","Eisenach","TH",448,{"v":14,"d":"B-14"},"H",{"v":9.35,"d":"9"},0,{"v":2200,"d":"2,200"},307,9,2,196,135,5,7,31,7,6,19,0,0,59,90,0," "]
[{"v":261601021,"d":"26 16 0102 1"},"00","HELIOS Klinikum Erfurt","Nordhäuser Straße 74","99089","Erfurt","TH",{"v":1300,"d":"1,300"},{"v":13,"d":"B-13"},"H",{"v":11.4,"d":"11"},0,{"v":2079,"d":"2,079"},272,0,13,202,42,2,5,30,2,13,18,8,0,71,49,0," "]
[{"v":261600337,"d":"26 16 0033 7"},"00","Katholisches Krankenhaus \"St. Johann Nepomuk\" Erfurt","Haarbergstraße 72","99097","Erfurt","TH",423,{"v":8,"d":"B-8"},"H",{"v":7.3,"d":"7"},0,{"v":1610,"d":"1,610"},228,2,0,286,22,4,5,18,4,2,16,6,0,66,52,0," "]
[{"v":261600543,"d":"26 16 0054 3"},"00","SRH Wald-Klinikum Gera GmbH","Straße des Friedens 122","07548","Gera","TH",965,{"v":2,"d":"B-2"},"H",{"v":10.4,"d":"10"},0,{"v":2694,"d":"2,694"},546,4,2,283,202,2,0,49,7,4,43,2,0,117,56,0," "]
[{"v":261600894,"d":"26 16 0089 4"},"00","Helios Klinikum Gotha","Heliosstraße 1","99867","Gotha","TH",341,{"v":2,"d":"B-2"},"H",{"v":7.3,"d":"7"},0,{"v":1280,"d":"1,280"},183,0,8,163,17,4,4,8,0,0,9,2,0,4,29,0," "]
[{"v":261600315,"d":"26 16 0031 5"},"00","Kreiskrankenhaus Greiz GmbH","Wichmannstr. 12","07973","Greiz","TH",289,{"v":5,"d":"B-5"},"H",{"v":5.98,"d":"6"},0,{"v":1144,"d":"1,144"},177,0,4,205,0,4,2,4,0,0,7,0,2,18,6,0," "]
[{"v":261601203,"d":"26 16 0120 3"},"02","Ilm-Kreis-Kliniken Arnstadt-Ilmenau gGmbH","Oehrenstöcker Straße 32","98693","Ilmenau","TH",182,{"v":1,"d":"B-1"},"H",{"v":4.54,"d":"5"},0,866,88,0,4,97,0,2,2,7,0,8,0,0,0,6,0,0," "]
[{"v":261600736,"d":"26 16 0073 6"},"00","Universitätsklinikum Jena","Bachstraße 18","07743","Jena","TH",{"v":1396,"d":"1,396"},{"v":26,"d":"B-26"},"H",{"v":17.9,"d":"18"},0,{"v":2327,"d":"2,327"},218,2,43,182,109,6,0,32,10,0,18,0,0,111,54,0,"X"]
[{"v":261601010,"d":"26 16 0101 0"},"02","Eichsfeld Klinikum gGmbH","Klosterstraße 7","37355","Kleinbartloff OT Reifenstein","TH",105,{"v":2,"d":"B-2"},"H",{"v":9.27,"d":"9"},0,{"v":2228,"d":"2,228"},197,2,2,228,56,4,4,13,2,6,7,2,0,44,75,0," "]
[{"v":261600883,"d":"26 16 0088 3"},"00","HELIOS Klinikum Meiningen","Bergstraße 3","98617","Meiningen","TH",562,{"v":8,"d":"B-8"},"H",{"v":7.5,"d":"8"},0,{"v":1859,"d":"1,859"},203,0,0,188,12,0,8,12,6,2,15,2,0,37,64,0," "]
[{"v":261600417,"d":"26 16 0041 7"},"00","Südharz Klinikum Nordhausen gGmbH","Dr.-Robert-Koch-Straße 39","99734","Nordhausen","TH",823,{"v":28,"d":"B-28"},"H",7,0,{"v":1368,"d":"1,368"},151,0,4,160,2,2,0,20,2,4,9,2,0,10,11,0," "]
[{"v":261600188,"d":"26 16 0018 8"},"01","Thüringen-Kliniken \"Georgius Agricola\" GmbH","Rainweg 68","07318","Saalfeld","TH",618,{"v":13,"d":"B-13"},"H",{"v":9.93,"d":"10"},0,{"v":1467,"d":"1,467"},138,0,6,101,40,0,0,24,2,6,11,0,0,21,2,0," "]
[{"v":261600941,"d":"26 16 0094 1"},"00","SRH Zentralklinikum Suhl GmbH","Albert-Schweitzer-Straße 2","98527","Suhl","TH",519,{"v":21,"d":"B-21"},"H",8,0,{"v":1726,"d":"1,726"},154,2,4,74,77,0,0,24,2,4,24,0,0,44,11,0," "]
[{"$nulls":5},"∑ von 15 Kliniken in Thüringen","TH",{"v":8358,"d":"8,358"},{"$nulls":4},{"v":26244,"d":"26,244"},{"v":3154,"d":"3,154"},23,116,{"v":2745,"d":"2,745"},753,45,41,284,48,55,210,26,2,657,569,0,137]
[{"$nulls":5},"Summe aller 491 Kliniken mit. Urolog. Fachabt. Gesamte Bundesrepublik",null,{"v":232192,"d":"232,192"},{"$nulls":4},{"v":803026,"d":"803,026"},{"v":90203,"d":"90,203"},{"v":2057,"d":"2,057"},{"v":3702,"d":"3,702"},{"v":78059,"d":"78,059"},{"v":26149,"d":"26,149"},{"v":2328,"d":"2,328"},795,{"v":7920,"d":"7,920"},{"v":1881,"d":"1,881"},{"v":1818,"d":"1,818"},{"v":5463,"d":"5,463"},576,92,{"v":26223,"d":"26,223"},{"v":15463,"d":"15,463"},425,{"v":14949,"d":"14,949"}]
[]
[{"$nulls":6},"Legende"]
[{"$nulls":6},"Legende"]
[{"$nulls":6},"Legende"]
[{"$nulls":6},"Legende"]
[{"$nulls":6},"Legende"]

{"sheet":"Summen Datenstand 31.12.2018","index":1,"n_rows":26,"n_cols":30,"rows_kept":26,"merged":[[0,2,0,3],[0,4,0,25]]}
[null,null,"Harnblasentumor - \nausgewählte Fallzahlen des Jahres 2017",null,"Datenmaterial aus der Datenbank der strukturierten Qualitätsberichte des Gemeinsamen Bundes-Ausschuss' (G-BA). Datenstand: siehe Bezeichnung der Registerkarte.\nDer ShB-Blasenkrebs übernimmt keine Gewähr für die Richtigkeit der vom jeweiligen Krankenhaus selbst in die QB-Datenbank eingestellten Daten.\nDie Verhältnisse vor Ort können sich seit Erhebung der Daten geändert haben. Bitte beachten Sie auch die Erläuterungen am Ende der Tabelle."]
[{"$nulls":7},"Bettenzahl des gesamten KH",{"$nulls":4},"Vollstationäre Fälle\nFachabt. Urologie","C67\nBösartige Neubildung der Harnblase (Blasenkrebs)","D09.0\nCarcinoma in Situ (CIS) Harnblase","D41.4\nNeubildung unsicheren oder unbekannten Verhaltens der Harnblase","5-573.40\nTransurethrale Resektion (TUR-B) nicht floureszenzgestützt","5-573.41\nTransurethrale Resektion (TUR-B) fluoreszenzgestützt","5-575\nPartielle Harnblasenresektion","5-687.0\nExenteration des vord. weibl. kleinen Beckens","5-576\n(Radikale) Zystektomie \n(Entfernung der Harnblase)","5-577\nErsatz der Harnblase (Neoblase)","5-564\nKutane Harnableitung (Hautfistel)","5-565\nConduit\n(nicht kontinentes Stoma)","5-566\nkontinentes Stoma \n(Pouch)","5-567\nInterne Harnableitung über Darm","5-604\nRadikale  Prostatovesikulektomie","8-541.4\nInstillation ... ","8-603\nInterstitielle  Hyperthermie …","5-987\nAnwendung eines  OP-Roboters"]
[]
[{"$nulls":5},"∑ von 50 Kliniken in Baden-Württemberg",null,{"v":27772,"d":"27,772"},{"$nulls":4},{"v":91659,"d":"91,659"},{"v":10010,"d":"10,010"},404,510,{"v":8107,"d":"8,107"},{"v":3913,"d":"3,913"},224,97,899,292,183,588,96,12,{"v":3665,"d":"3,665"},{"v":2127,"d":"2,127"},0,{"v":2867,"d":"2,867"}]
[{"$nulls":5},"∑ von 85 Kliniken in Bayern",null,{"v":37012,"d":"37,012"},{"$nulls":4},{"v":120796,"d":"120,796"},{"v":11238,"d":"11,238"},231,380,{"v":8835,"d":"8,835"},{"v":4760,"d":"4,760"},581,107,{"v":1054,"d":"1,054"},359,177,685,118,26,{"v":4307,"d":"4,307"},{"v":2371,"d":"2,371"},88,{"v":2120,"d":"2,120"}]
[{"$nulls":5},"∑ von 13 Kliniken in Berlin",null,{"v":9483,"d":"9,483"},{"$nulls":4},{"v":33225,"d":"33,225"},{"v":4477,"d":"4,477"},423,804,{"v":15376,"d":"15,376"},{"v":8510,"d":"8,510"},{"v":1150,"d":"1,150"},214,{"v":1899,"d":"1,899"},608,286,{"v":1274,"d":"1,274"},211,46,{"v":7944,"d":"7,944"},{"v":3825,"d":"3,825"},176,{"v":4197,"d":"4,197"}]
[{"$nulls":5},"∑ von 15 Kliniken inBrandenburg",null,{"v":7504,"d":"7,504"},{"$nulls":4},{"v":20699,"d":"20,699"},{"v":2682,"d":"2,682"},38,107,{"v":1944,"d":"1,944"},{"v":1155,"d":"1,155"},43,19,168,17,66,109,4,0,351,489,0,0]
[{"$nulls":5},"∑ von 1 Klinik in Bremen",null,794,{"$nulls":4},{"v":4215,"d":"4,215"},574,7,37,374,228,8,10,60,12,10,43,4,0,112,79,0,225]
[{"$nulls":5},"∑ von 11 Kliniken inHamburg",null,{"v":6470,"d":"6,470"},{"$nulls":4},{"v":22243,"d":"22,243"},{"v":2632,"d":"2,632"},43,145,{"v":1570,"d":"1,570"},{"v":1235,"d":"1,235"},63,10,271,37,67,202,40,0,{"v":2438,"d":"2,438"},445,0,{"v":1229,"d":"1,229"}]
[{"$nulls":5},"∑ von 34 Kliniken in Hessen",null,{"v":17861,"d":"17,861"},{"$nulls":4},{"v":55841,"d":"55,841"},{"v":6337,"d":"6,337"},50,141,{"v":4848,"d":"4,848"},{"v":2069,"d":"2,069"},161,52,470,130,109,313,41,8,{"v":1455,"d":"1,455"},{"v":1541,"d":"1,541"},116,138]
[{"$nulls":5},"∑ von 14 Kliniken in Mecklenburg-Vorpommern",null,{"v":6464,"d":"6,464"},{"$nulls":4},{"v":15257,"d":"15,257"},{"v":2153,"d":"2,153"},24,55,{"v":2147,"d":"2,147"},214,18,13,146,34,28,119,4,2,385,299,0,13]
[{"$nulls":5},"∑ von 46 Kliniken in Niedersachsen",null,{"v":19055,"d":"19,055"},{"$nulls":4},{"v":67863,"d":"67,863"},{"v":7724,"d":"7,724"},121,258,{"v":6535,"d":"6,535"},{"v":2812,"d":"2,812"},204,71,660,123,159,485,36,6,{"v":1734,"d":"1,734"},{"v":1493,"d":"1,493"},26,548]
[{"$nulls":5},"∑ von 94 Kliniken in Nordrhein-Westfalen",null,{"v":44402,"d":"44,402"},{"$nulls":4},{"v":199334,"d":"199,334"},{"v":21611,"d":"21,611"},608,{"v":1136,"d":"1,136"},{"v":21895,"d":"21,895"},{"v":3858,"d":"3,858"},508,208,{"v":2074,"d":"2,074"},523,471,{"v":1423,"d":"1,423"},147,20,{"v":5984,"d":"5,984"},{"v":2867,"d":"2,867"},195,{"v":4344,"d":"4,344"}]
[{"$nulls":5},"∑ von 34 Kliniken in Rheinland-Pfalz",null,{"v":13223,"d":"13,223"},{"$nulls":4},{"v":40094,"d":"40,094"},{"v":4398,"d":"4,398"},65,195,{"v":4393,"d":"4,393"},613,84,28,366,60,98,248,10,2,818,705,0,630]
[{"$nulls":5},"∑ von 7 Kliniken im Saarland",null,{"v":3238,"d":"3,238"},{"$nulls":4},{"v":12955,"d":"12,955"},{"v":1443,"d":"1,443"},17,16,{"v":1051,"d":"1,051"},492,40,17,178,17,49,132,6,0,534,271,0,646]
[{"$nulls":5},"∑ von 24 Kliniken inSachsen",null,{"v":12510,"d":"12,510"},{"$nulls":4},{"v":46474,"d":"46,474"},{"v":6015,"d":"6,015"},105,130,{"v":5213,"d":"5,213"},{"v":1676,"d":"1,676"},105,40,437,77,128,332,8,4,{"v":1430,"d":"1,430"},785,0,688]
[{"$nulls":5},"∑ von 20 Kliniken in Sachsen-Anhalt",null,{"v":8142,"d":"8,142"},{"$nulls":4},{"v":25179,"d":"25,179"},{"v":2829,"d":"2,829"},38,63,{"v":2546,"d":"2,546"},593,47,19,271,42,103,202,12,4,550,524,0," "]
[{"$nulls":5},"∑ von 28 Kliniken in Schleswig-Holstein",null,{"v":9904,"d":"9,904"},{"$nulls":4},{"v":20948,"d":"20,948"},{"v":2926,"d":"2,926"},225,162,{"v":2901,"d":"2,901"},530,81,22,205,33,72,105,4,2,378,382,0,240]
[{"$nulls":5},"∑ von 15 Kliniken in Thüringen",null,{"v":8358,"d":"8,358"},{"$nulls":4},{"v":26244,"d":"26,244"},{"v":3154,"d":"3,154"},23,116,{"v":2745,"d":"2,745"},753,45,41,284,48,55,210,26,2,657,569,0,137]
[{"$nulls":5},"Summe aller 491 Kliniken mit. Urolog. Fachabt. Gesamte Bundesrepublik",null,{"v":232192,"d":"232,192"},{"$nulls":4},{"v":803026,"d":"803,026"},{"v":90203,"d":"90,203"},{"v":2057,"d":"2,057"},{"v":3702,"d":"3,702"},{"v":78059,"d":"78,059"},{"v":26149,"d":"26,149"},{"v":2328,"d":"2,328"},795,{"v":7920,"d":"7,920"},{"v":1881,"d":"1,881"},{"v":1818,"d":"1,818"},{"v":5463,"d":"5,463"},576,92,{"v":26223,"d":"26,223"},{"v":15463,"d":"15,463"},425,{"v":14949,"d":"14,949"}]
[]
[{"$nulls":6},"Legende"]
[{"$nulls":5},"Erläuterungen:","Legende","Bei der Entlassung werden die Daten im Krankenhaus erhoben und der entlassenden Abteilung zugeordnet. Dadurch kann es eine geringe Differenz zur tatsächlichen Anzahl von Operationen der Urologie geben.  "]
[{"$nulls":6},"Legende","Werte die dem Datenschutz unterliegen ( [DS] < 4 Fälle)  werden in der weissen Liste und hier als 1 Fall gezählt. "]
[{"$nulls":6},"Legende","© Selbsthilfe-Bund Blasenkrebs e.V. (ShB) im Haus der Krebs-Selbsthilfe, Thomas-Mann-Straße 40, 53111 Bonn, Fachgruppe ShB-Fallzahlentabelle, http://www.Blasenkrebs-ShB.de"]
[{"$nulls":6},"Legende"]